<?xml version="1.0" encoding="UTF-8"?>
<record
    xmlns:xsi="http://www.w3.org/2001/XMLSchema-instance"
    xsi:schemaLocation="http://www.loc.gov/MARC21/slim http://www.loc.gov/standards/marcxml/schema/MARC21slim.xsd"
    xmlns="http://www.loc.gov/MARC21/slim">

  <leader>01376nas a2200229 454500</leader>
  <controlfield tag="001">7060</controlfield>
  <controlfield tag="005">20260407193504.0</controlfield>
  <controlfield tag="008">260407s1978####ag###########|||spa#d</controlfield>
  <controlfield tag="003">AR-UNSa-BCEJYS</controlfield>
  <datafield tag="040" ind1=" " ind2=" ">
    <subfield code="a">AR-UNSa-BCEJYS</subfield>
    <subfield code="b">spa</subfield>
    <subfield code="c">AR-UNSa-BCEJYS</subfield>
  </datafield>
  <datafield tag="080" ind1=" " ind2=" ">
    <subfield code="a">338</subfield>
    <subfield code="x">Situaci&#xF3;n econ&#xF3;mica. Pol&#xED;tica econ&#xF3;mica. Gesti&#xF3;n de la econom&#xED;a. Planificaci&#xF3;n de la econom&#xED;a. Producci&#xF3;n. Servicios. Precios</subfield>
  </datafield>
  <datafield tag="245" ind1="1" ind2="0">
    <subfield code="a">Estudios</subfield>
  </datafield>
  <datafield tag="022" ind1=" " ind2=" ">
    <subfield code="a">0325-6928</subfield>
  </datafield>
  <datafield tag="264" ind1=" " ind2="1">
    <subfield code="a">Buenos Aires :</subfield>
    <subfield code="b">Instituto de Estudios Econ&#xF3;micos sobre la Realidad Argentina y Latinoamericana (IEERAL)</subfield>
    <subfield code="c">1978</subfield>
  </datafield>
  <datafield tag="310" ind1=" " ind2=" ">
    <subfield code="a">Frecuencia: Mensual
Cambia de Dir. a partir del N&#xBA; 18 por A. Humberto Petrei
Cambia de Dir. a partir del N&#xBA; 21 por Domingo F. Cavallo
Cambia de Dir. a partir del N&#xBA; 23 por Carlos A. Givogri
Cambia de Dir. a partir del N&#xBA; 24 por Domingo F. Cavallo
Cambia de Dir. a partir del N&#xBA; 43 por Carlos E. S&#xE1;nchez
Cambia de Dir. a partir del N&#xBA; 58 por Carlos A. Givogri
Cambia de Dir. a partir del N&#xBA; 60 por Horacio Palmieri y
Juan Carlos Kusznir
Cambia de Dir. a partir del N&#xBA; 71 por Guillermo Mondino

</subfield>
  </datafield>
  <datafield tag="942" ind1=" " ind2=" ">
    <subfield code="c">SER</subfield>
  </datafield>
  <datafield tag="590" ind1=" " ind2=" ">
    <subfield code="a">niveau_biblio:s niveau_hierar:1</subfield>
  </datafield>
  <datafield tag="100" ind1="1" ind2=" ">
    <subfield code="a">Cavallo, Domingo Felipe</subfield>
  </datafield>
  <datafield tag="650" ind1=" " ind2=" ">
    <subfield code="a">Investigaci&#xF3;n econ&#xF3;mica</subfield>
  </datafield>
  <datafield tag="650" ind1=" " ind2=" ">
    <subfield code="a">ECONOMIA</subfield>
  </datafield>
  <datafield tag="856" ind1="4" ind2="1">
    <subfield code="u">https://biblioeco.unsa.edu.ar/pmb/images/revistas/Estudios.jpg</subfield>
    <subfield code="y">Imagen de portada</subfield>
    <subfield code="q">image/jpeg</subfield>
  </datafield>
  <datafield tag="999" ind1=" " ind2=" ">
    <subfield code="c">8436</subfield>
    <subfield code="d">8436</subfield>
  </datafield>
  <datafield tag="952" ind1=" " ind2=" ">
    <subfield code="0">0</subfield>
    <subfield code="1">0</subfield>
    <subfield code="4">0</subfield>
    <subfield code="7">0</subfield>
    <subfield code="a">BCEJYS</subfield>
    <subfield code="b">BCEJYS</subfield>
    <subfield code="c">13</subfield>
    <subfield code="d">1999-01-01</subfield>
    <subfield code="h">A&#xF1;o XXII, N&#xBA; 88 - ene./mar. 1999</subfield>
    <subfield code="l">0</subfield>
    <subfield code="o">H338 EST 88</subfield>
    <subfield code="p">R20877</subfield>
    <subfield code="r">2026-04-10 16:07:09</subfield>
    <subfield code="w">2026-04-10</subfield>
    <subfield code="y">RN</subfield>
  </datafield>
  <datafield tag="952" ind1=" " ind2=" ">
    <subfield code="0">0</subfield>
    <subfield code="1">0</subfield>
    <subfield code="4">0</subfield>
    <subfield code="7">0</subfield>
    <subfield code="a">BCEJYS</subfield>
    <subfield code="b">BCEJYS</subfield>
    <subfield code="c">17</subfield>
    <subfield code="d">1998-10-01</subfield>
    <subfield code="h">A&#xF1;o XXI, N&#xBA; 87 - oct./dic. 1998</subfield>
    <subfield code="l">0</subfield>
    <subfield code="o">H338 EST 87</subfield>
    <subfield code="p">R11951</subfield>
    <subfield code="r">2026-04-10 16:07:09</subfield>
    <subfield code="w">2026-04-10</subfield>
    <subfield code="y">RN</subfield>
  </datafield>
  <datafield tag="952" ind1=" " ind2=" ">
    <subfield code="0">0</subfield>
    <subfield code="1">0</subfield>
    <subfield code="4">0</subfield>
    <subfield code="7">0</subfield>
    <subfield code="a">BCEJYS</subfield>
    <subfield code="b">BCEJYS</subfield>
    <subfield code="c">13</subfield>
    <subfield code="d">1998-07-01</subfield>
    <subfield code="h">A&#xF1;o XXI, N&#xBA; 86 - jul./sep. 1998</subfield>
    <subfield code="l">0</subfield>
    <subfield code="o">H338 EST 86</subfield>
    <subfield code="p">R20876</subfield>
    <subfield code="r">2026-04-10 16:07:09</subfield>
    <subfield code="w">2026-04-10</subfield>
    <subfield code="y">RN</subfield>
  </datafield>
  <datafield tag="952" ind1=" " ind2=" ">
    <subfield code="0">0</subfield>
    <subfield code="1">0</subfield>
    <subfield code="4">0</subfield>
    <subfield code="7">0</subfield>
    <subfield code="a">BCEJYS</subfield>
    <subfield code="b">BCEJYS</subfield>
    <subfield code="c">13</subfield>
    <subfield code="d">1998-04-01</subfield>
    <subfield code="h">A&#xF1;o XXI, N&#xBA; 85 - abr./jun. 1998</subfield>
    <subfield code="l">0</subfield>
    <subfield code="o">H338 EST 85</subfield>
    <subfield code="p">R20902</subfield>
    <subfield code="r">2026-04-10 16:07:09</subfield>
    <subfield code="w">2026-04-10</subfield>
    <subfield code="y">RN</subfield>
  </datafield>
  <datafield tag="952" ind1=" " ind2=" ">
    <subfield code="0">0</subfield>
    <subfield code="1">0</subfield>
    <subfield code="4">0</subfield>
    <subfield code="7">0</subfield>
    <subfield code="a">BCEJYS</subfield>
    <subfield code="b">BCEJYS</subfield>
    <subfield code="c">13</subfield>
    <subfield code="d">1998-01-01</subfield>
    <subfield code="h">A&#xF1;o XXI, N&#xBA; 84 - ene./mar. 1998</subfield>
    <subfield code="l">0</subfield>
    <subfield code="o">H338 EST 84</subfield>
    <subfield code="p">R20901</subfield>
    <subfield code="r">2026-04-10 16:07:09</subfield>
    <subfield code="w">2026-04-10</subfield>
    <subfield code="y">RN</subfield>
  </datafield>
  <datafield tag="952" ind1=" " ind2=" ">
    <subfield code="0">0</subfield>
    <subfield code="1">0</subfield>
    <subfield code="4">0</subfield>
    <subfield code="7">0</subfield>
    <subfield code="a">BCEJYS</subfield>
    <subfield code="b">BCEJYS</subfield>
    <subfield code="c">17</subfield>
    <subfield code="d">1997-10-01</subfield>
    <subfield code="h">A&#xF1;o XX, N&#xBA; 83 - oct./dic. 1997</subfield>
    <subfield code="l">0</subfield>
    <subfield code="o">H338 EST 83</subfield>
    <subfield code="p">R05508</subfield>
    <subfield code="r">2026-04-10 16:07:09</subfield>
    <subfield code="w">2026-04-10</subfield>
    <subfield code="y">RN</subfield>
  </datafield>
  <datafield tag="952" ind1=" " ind2=" ">
    <subfield code="0">0</subfield>
    <subfield code="1">0</subfield>
    <subfield code="4">0</subfield>
    <subfield code="7">0</subfield>
    <subfield code="a">BCEJYS</subfield>
    <subfield code="b">BCEJYS</subfield>
    <subfield code="c">17</subfield>
    <subfield code="d">1997-07-01</subfield>
    <subfield code="h">A&#xF1;o XX, N&#xBA; 82 - jul./sep. 1997</subfield>
    <subfield code="l">0</subfield>
    <subfield code="o">H338 EST 82</subfield>
    <subfield code="p">R05507</subfield>
    <subfield code="r">2026-04-10 16:07:09</subfield>
    <subfield code="w">2026-04-10</subfield>
    <subfield code="y">RN</subfield>
  </datafield>
  <datafield tag="952" ind1=" " ind2=" ">
    <subfield code="0">0</subfield>
    <subfield code="1">0</subfield>
    <subfield code="4">0</subfield>
    <subfield code="7">0</subfield>
    <subfield code="a">BCEJYS</subfield>
    <subfield code="b">BCEJYS</subfield>
    <subfield code="c">13</subfield>
    <subfield code="d">1997-04-01</subfield>
    <subfield code="h">A&#xF1;o XX, N&#xBA; 81 - abr./jun. 1997</subfield>
    <subfield code="l">0</subfield>
    <subfield code="o">H338 EST 81</subfield>
    <subfield code="p">R20875</subfield>
    <subfield code="r">2026-04-10 16:07:09</subfield>
    <subfield code="w">2026-04-10</subfield>
    <subfield code="y">RN</subfield>
  </datafield>
  <datafield tag="952" ind1=" " ind2=" ">
    <subfield code="0">0</subfield>
    <subfield code="1">0</subfield>
    <subfield code="4">0</subfield>
    <subfield code="7">0</subfield>
    <subfield code="a">BCEJYS</subfield>
    <subfield code="b">BCEJYS</subfield>
    <subfield code="c">17</subfield>
    <subfield code="d">1997-01-01</subfield>
    <subfield code="h">A&#xF1;o XX, N&#xBA; 80 - ene./mar. 1997</subfield>
    <subfield code="l">0</subfield>
    <subfield code="o">H338 EST 80</subfield>
    <subfield code="p">R05506</subfield>
    <subfield code="r">2026-04-10 16:07:09</subfield>
    <subfield code="w">2026-04-10</subfield>
    <subfield code="y">RN</subfield>
  </datafield>
  <datafield tag="952" ind1=" " ind2=" ">
    <subfield code="0">0</subfield>
    <subfield code="1">0</subfield>
    <subfield code="4">0</subfield>
    <subfield code="7">0</subfield>
    <subfield code="a">BCEJYS</subfield>
    <subfield code="b">BCEJYS</subfield>
    <subfield code="c">17</subfield>
    <subfield code="d">1996-07-01</subfield>
    <subfield code="h">A&#xF1;o XIX, N&#xBA; 78 - jul./sep. 1996</subfield>
    <subfield code="l">0</subfield>
    <subfield code="o">H338 EST 78</subfield>
    <subfield code="p">R05505</subfield>
    <subfield code="r">2026-04-10 16:07:09</subfield>
    <subfield code="w">2026-04-10</subfield>
    <subfield code="y">RN</subfield>
  </datafield>
  <datafield tag="952" ind1=" " ind2=" ">
    <subfield code="0">0</subfield>
    <subfield code="1">0</subfield>
    <subfield code="4">0</subfield>
    <subfield code="7">0</subfield>
    <subfield code="a">BCEJYS</subfield>
    <subfield code="b">BCEJYS</subfield>
    <subfield code="c">17</subfield>
    <subfield code="d">1995-10-01</subfield>
    <subfield code="h">A&#xF1;o XVIII, N&#xBA; 75 - oct./dic. 1995</subfield>
    <subfield code="l">0</subfield>
    <subfield code="o">H338 EST 75</subfield>
    <subfield code="p">R05504</subfield>
    <subfield code="r">2026-04-10 16:07:09</subfield>
    <subfield code="w">2026-04-10</subfield>
    <subfield code="y">RN</subfield>
  </datafield>
  <datafield tag="952" ind1=" " ind2=" ">
    <subfield code="0">0</subfield>
    <subfield code="1">0</subfield>
    <subfield code="4">0</subfield>
    <subfield code="7">0</subfield>
    <subfield code="a">BCEJYS</subfield>
    <subfield code="b">BCEJYS</subfield>
    <subfield code="c">17</subfield>
    <subfield code="d">1995-07-01</subfield>
    <subfield code="h">A&#xF1;o XVIII, N&#xBA; 74 - jul./sep. 1995</subfield>
    <subfield code="l">0</subfield>
    <subfield code="o">H338 EST 74</subfield>
    <subfield code="p">R05503</subfield>
    <subfield code="r">2026-04-10 16:07:09</subfield>
    <subfield code="w">2026-04-10</subfield>
    <subfield code="y">RN</subfield>
  </datafield>
  <datafield tag="952" ind1=" " ind2=" ">
    <subfield code="0">0</subfield>
    <subfield code="1">0</subfield>
    <subfield code="4">0</subfield>
    <subfield code="7">0</subfield>
    <subfield code="a">BCEJYS</subfield>
    <subfield code="b">BCEJYS</subfield>
    <subfield code="c">17</subfield>
    <subfield code="d">1995-04-01</subfield>
    <subfield code="h">A&#xF1;o XVIII, N&#xBA; 73 - abr./jun. 1995</subfield>
    <subfield code="l">0</subfield>
    <subfield code="o">H338 EST 73</subfield>
    <subfield code="p">R05501</subfield>
    <subfield code="r">2026-04-10 16:07:09</subfield>
    <subfield code="w">2026-04-10</subfield>
    <subfield code="y">RN</subfield>
  </datafield>
  <datafield tag="952" ind1=" " ind2=" ">
    <subfield code="0">0</subfield>
    <subfield code="1">0</subfield>
    <subfield code="4">0</subfield>
    <subfield code="7">0</subfield>
    <subfield code="a">BCEJYS</subfield>
    <subfield code="b">BCEJYS</subfield>
    <subfield code="c">17</subfield>
    <subfield code="d">1995-04-01</subfield>
    <subfield code="h">A&#xF1;o XVIII, N&#xBA; 73 - abr./jun. 1995</subfield>
    <subfield code="l">0</subfield>
    <subfield code="o">H338 EST 73 Ej.2</subfield>
    <subfield code="p">R05502</subfield>
    <subfield code="r">2026-04-10 16:07:09</subfield>
    <subfield code="w">2026-04-10</subfield>
    <subfield code="y">RN</subfield>
  </datafield>
  <datafield tag="952" ind1=" " ind2=" ">
    <subfield code="0">0</subfield>
    <subfield code="1">0</subfield>
    <subfield code="4">0</subfield>
    <subfield code="7">0</subfield>
    <subfield code="a">BCEJYS</subfield>
    <subfield code="b">BCEJYS</subfield>
    <subfield code="c">17</subfield>
    <subfield code="d">1995-01-01</subfield>
    <subfield code="h">A&#xF1;o XVIII, N&#xBA; 72 - ene./mar. 1995</subfield>
    <subfield code="l">0</subfield>
    <subfield code="o">H338 EST 72</subfield>
    <subfield code="p">R05499</subfield>
    <subfield code="r">2026-04-10 16:07:09</subfield>
    <subfield code="w">2026-04-10</subfield>
    <subfield code="y">RN</subfield>
  </datafield>
  <datafield tag="952" ind1=" " ind2=" ">
    <subfield code="0">0</subfield>
    <subfield code="1">0</subfield>
    <subfield code="4">0</subfield>
    <subfield code="7">0</subfield>
    <subfield code="a">BCEJYS</subfield>
    <subfield code="b">BCEJYS</subfield>
    <subfield code="c">17</subfield>
    <subfield code="d">1995-01-01</subfield>
    <subfield code="h">A&#xF1;o XVIII, N&#xBA; 72 - ene./mar. 1995</subfield>
    <subfield code="l">0</subfield>
    <subfield code="o">H338 EST 72 Ej.2</subfield>
    <subfield code="p">R05500</subfield>
    <subfield code="r">2026-04-10 16:07:09</subfield>
    <subfield code="w">2026-04-10</subfield>
    <subfield code="y">RN</subfield>
  </datafield>
  <datafield tag="952" ind1=" " ind2=" ">
    <subfield code="0">0</subfield>
    <subfield code="1">0</subfield>
    <subfield code="4">0</subfield>
    <subfield code="7">0</subfield>
    <subfield code="a">BCEJYS</subfield>
    <subfield code="b">BCEJYS</subfield>
    <subfield code="c">17</subfield>
    <subfield code="d">1994-10-01</subfield>
    <subfield code="h">A&#xF1;o XVII, N&#xBA; 71 - oct./dic. 1994</subfield>
    <subfield code="l">0</subfield>
    <subfield code="o">H338 EST 71</subfield>
    <subfield code="p">R05497</subfield>
    <subfield code="r">2026-04-10 16:07:09</subfield>
    <subfield code="w">2026-04-10</subfield>
    <subfield code="y">RN</subfield>
  </datafield>
  <datafield tag="952" ind1=" " ind2=" ">
    <subfield code="0">0</subfield>
    <subfield code="1">0</subfield>
    <subfield code="4">0</subfield>
    <subfield code="7">0</subfield>
    <subfield code="a">BCEJYS</subfield>
    <subfield code="b">BCEJYS</subfield>
    <subfield code="c">17</subfield>
    <subfield code="d">1994-10-01</subfield>
    <subfield code="h">A&#xF1;o XVII, N&#xBA; 71 - oct./dic. 1994</subfield>
    <subfield code="l">0</subfield>
    <subfield code="o">H338 EST 71 Ej.2</subfield>
    <subfield code="p">R05498</subfield>
    <subfield code="r">2026-04-10 16:07:09</subfield>
    <subfield code="w">2026-04-10</subfield>
    <subfield code="y">RN</subfield>
  </datafield>
  <datafield tag="952" ind1=" " ind2=" ">
    <subfield code="0">0</subfield>
    <subfield code="1">0</subfield>
    <subfield code="4">0</subfield>
    <subfield code="7">0</subfield>
    <subfield code="a">BCEJYS</subfield>
    <subfield code="b">BCEJYS</subfield>
    <subfield code="c">17</subfield>
    <subfield code="d">1994-07-01</subfield>
    <subfield code="h">A&#xF1;o XVII, N&#xBA; 70 - jul./sep. 1994</subfield>
    <subfield code="l">0</subfield>
    <subfield code="o">H338 EST 70</subfield>
    <subfield code="p">R05496</subfield>
    <subfield code="r">2026-04-10 16:07:09</subfield>
    <subfield code="w">2026-04-10</subfield>
    <subfield code="y">RN</subfield>
  </datafield>
  <datafield tag="952" ind1=" " ind2=" ">
    <subfield code="0">0</subfield>
    <subfield code="1">0</subfield>
    <subfield code="4">0</subfield>
    <subfield code="7">0</subfield>
    <subfield code="a">BCEJYS</subfield>
    <subfield code="b">BCEJYS</subfield>
    <subfield code="c">17</subfield>
    <subfield code="d">1994-04-01</subfield>
    <subfield code="h">A&#xF1;o XVII, N&#xBA; 69 - abr./jun. 1994</subfield>
    <subfield code="l">0</subfield>
    <subfield code="o">H338 EST 69</subfield>
    <subfield code="p">R05494</subfield>
    <subfield code="r">2026-04-10 16:07:09</subfield>
    <subfield code="w">2026-04-10</subfield>
    <subfield code="y">RN</subfield>
  </datafield>
  <datafield tag="952" ind1=" " ind2=" ">
    <subfield code="0">0</subfield>
    <subfield code="1">0</subfield>
    <subfield code="4">0</subfield>
    <subfield code="7">0</subfield>
    <subfield code="a">BCEJYS</subfield>
    <subfield code="b">BCEJYS</subfield>
    <subfield code="c">17</subfield>
    <subfield code="d">1994-04-01</subfield>
    <subfield code="h">A&#xF1;o XVII, N&#xBA; 69 - abr./jun. 1994</subfield>
    <subfield code="l">0</subfield>
    <subfield code="o">H338 EST 69 Ej.2</subfield>
    <subfield code="p">R05495</subfield>
    <subfield code="r">2026-04-10 16:07:09</subfield>
    <subfield code="w">2026-04-10</subfield>
    <subfield code="y">RN</subfield>
  </datafield>
  <datafield tag="952" ind1=" " ind2=" ">
    <subfield code="0">0</subfield>
    <subfield code="1">0</subfield>
    <subfield code="4">0</subfield>
    <subfield code="7">0</subfield>
    <subfield code="a">BCEJYS</subfield>
    <subfield code="b">BCEJYS</subfield>
    <subfield code="c">17</subfield>
    <subfield code="d">1994-01-01</subfield>
    <subfield code="h">A&#xF1;o XVII, N&#xBA; 68 - ene./mar. 1994</subfield>
    <subfield code="l">0</subfield>
    <subfield code="o">H338 EST 68</subfield>
    <subfield code="p">R05493</subfield>
    <subfield code="r">2026-04-10 16:07:09</subfield>
    <subfield code="w">2026-04-10</subfield>
    <subfield code="y">RN</subfield>
  </datafield>
  <datafield tag="952" ind1=" " ind2=" ">
    <subfield code="0">0</subfield>
    <subfield code="1">0</subfield>
    <subfield code="4">0</subfield>
    <subfield code="7">0</subfield>
    <subfield code="a">BCEJYS</subfield>
    <subfield code="b">BCEJYS</subfield>
    <subfield code="c">13</subfield>
    <subfield code="d">1993-12-01</subfield>
    <subfield code="h">dic. 1993</subfield>
    <subfield code="l">0</subfield>
    <subfield code="o">H338 EST 1993</subfield>
    <subfield code="p">R20894</subfield>
    <subfield code="r">2026-04-10 16:07:09</subfield>
    <subfield code="w">2026-04-10</subfield>
    <subfield code="y">RN</subfield>
  </datafield>
  <datafield tag="952" ind1=" " ind2=" ">
    <subfield code="0">0</subfield>
    <subfield code="1">0</subfield>
    <subfield code="4">0</subfield>
    <subfield code="7">0</subfield>
    <subfield code="a">BCEJYS</subfield>
    <subfield code="b">BCEJYS</subfield>
    <subfield code="c">17</subfield>
    <subfield code="d">1993-10-01</subfield>
    <subfield code="h">A&#xF1;o XVI, N&#xBA; 67 - oct./dic. 1993</subfield>
    <subfield code="l">0</subfield>
    <subfield code="o">H338 EST 67</subfield>
    <subfield code="p">R05491</subfield>
    <subfield code="r">2026-04-10 16:07:09</subfield>
    <subfield code="w">2026-04-10</subfield>
    <subfield code="y">RN</subfield>
  </datafield>
  <datafield tag="952" ind1=" " ind2=" ">
    <subfield code="0">0</subfield>
    <subfield code="1">0</subfield>
    <subfield code="4">0</subfield>
    <subfield code="7">0</subfield>
    <subfield code="a">BCEJYS</subfield>
    <subfield code="b">BCEJYS</subfield>
    <subfield code="c">17</subfield>
    <subfield code="d">1993-10-01</subfield>
    <subfield code="h">A&#xF1;o XVI, N&#xBA; 67 - oct./dic. 1993</subfield>
    <subfield code="l">0</subfield>
    <subfield code="o">H338 EST 67 Ej.2</subfield>
    <subfield code="p">R05492</subfield>
    <subfield code="r">2026-04-10 16:07:09</subfield>
    <subfield code="w">2026-04-10</subfield>
    <subfield code="y">RN</subfield>
  </datafield>
  <datafield tag="952" ind1=" " ind2=" ">
    <subfield code="0">0</subfield>
    <subfield code="1">0</subfield>
    <subfield code="4">0</subfield>
    <subfield code="7">0</subfield>
    <subfield code="a">BCEJYS</subfield>
    <subfield code="b">BCEJYS</subfield>
    <subfield code="c">17</subfield>
    <subfield code="d">1993-07-01</subfield>
    <subfield code="h">A&#xF1;o XVI, N&#xBA; 66 - jul./sep. 1993</subfield>
    <subfield code="l">0</subfield>
    <subfield code="o">H338 EST 66</subfield>
    <subfield code="p">R11293</subfield>
    <subfield code="r">2026-04-10 16:07:09</subfield>
    <subfield code="w">2026-04-10</subfield>
    <subfield code="y">RN</subfield>
  </datafield>
  <datafield tag="952" ind1=" " ind2=" ">
    <subfield code="0">0</subfield>
    <subfield code="1">0</subfield>
    <subfield code="4">0</subfield>
    <subfield code="7">0</subfield>
    <subfield code="a">BCEJYS</subfield>
    <subfield code="b">BCEJYS</subfield>
    <subfield code="c">17</subfield>
    <subfield code="d">1993-01-01</subfield>
    <subfield code="h">A&#xF1;o XVI, N&#xBA; 65 - abr./jun. 1993</subfield>
    <subfield code="l">0</subfield>
    <subfield code="o">H338 EST 65</subfield>
    <subfield code="p">R05490</subfield>
    <subfield code="r">2026-04-10 16:07:09</subfield>
    <subfield code="w">2026-04-10</subfield>
    <subfield code="y">RN</subfield>
  </datafield>
  <datafield tag="952" ind1=" " ind2=" ">
    <subfield code="0">0</subfield>
    <subfield code="1">0</subfield>
    <subfield code="4">0</subfield>
    <subfield code="7">0</subfield>
    <subfield code="a">BCEJYS</subfield>
    <subfield code="b">BCEJYS</subfield>
    <subfield code="c">17</subfield>
    <subfield code="d">1993-01-01</subfield>
    <subfield code="h">A&#xF1;o XVI, N&#xBA; 64 - ene./mar. 1993</subfield>
    <subfield code="l">0</subfield>
    <subfield code="o">H338 EST 64</subfield>
    <subfield code="p">R05489</subfield>
    <subfield code="r">2026-04-10 16:07:09</subfield>
    <subfield code="w">2026-04-10</subfield>
    <subfield code="y">RN</subfield>
  </datafield>
  <datafield tag="952" ind1=" " ind2=" ">
    <subfield code="0">0</subfield>
    <subfield code="1">0</subfield>
    <subfield code="4">0</subfield>
    <subfield code="7">0</subfield>
    <subfield code="a">BCEJYS</subfield>
    <subfield code="b">BCEJYS</subfield>
    <subfield code="c">17</subfield>
    <subfield code="d">1992-07-01</subfield>
    <subfield code="h">A&#xF1;o XV, N&#xBA; 63 - jul./dic. 1992</subfield>
    <subfield code="l">0</subfield>
    <subfield code="o">H338 EST 63</subfield>
    <subfield code="p">R05487</subfield>
    <subfield code="r">2026-04-10 16:07:09</subfield>
    <subfield code="w">2026-04-10</subfield>
    <subfield code="y">RN</subfield>
  </datafield>
  <datafield tag="952" ind1=" " ind2=" ">
    <subfield code="0">0</subfield>
    <subfield code="1">0</subfield>
    <subfield code="4">0</subfield>
    <subfield code="7">0</subfield>
    <subfield code="a">BCEJYS</subfield>
    <subfield code="b">BCEJYS</subfield>
    <subfield code="c">17</subfield>
    <subfield code="d">1992-07-01</subfield>
    <subfield code="h">A&#xF1;o XV, N&#xBA; 63 - jul./dic. 1992</subfield>
    <subfield code="l">0</subfield>
    <subfield code="o">H338 EST 63 Ej.2</subfield>
    <subfield code="p">R05488</subfield>
    <subfield code="r">2026-04-10 16:07:09</subfield>
    <subfield code="w">2026-04-10</subfield>
    <subfield code="y">RN</subfield>
  </datafield>
  <datafield tag="952" ind1=" " ind2=" ">
    <subfield code="0">0</subfield>
    <subfield code="1">0</subfield>
    <subfield code="4">0</subfield>
    <subfield code="7">0</subfield>
    <subfield code="a">BCEJYS</subfield>
    <subfield code="b">BCEJYS</subfield>
    <subfield code="c">17</subfield>
    <subfield code="d">1992-04-01</subfield>
    <subfield code="h">A&#xF1;o XV, N&#xBA; 62 - abr./jun. 1992</subfield>
    <subfield code="l">0</subfield>
    <subfield code="o">H338 EST 62</subfield>
    <subfield code="p">R05485</subfield>
    <subfield code="r">2026-04-10 16:07:09</subfield>
    <subfield code="w">2026-04-10</subfield>
    <subfield code="y">RN</subfield>
  </datafield>
  <datafield tag="952" ind1=" " ind2=" ">
    <subfield code="0">0</subfield>
    <subfield code="1">0</subfield>
    <subfield code="4">0</subfield>
    <subfield code="7">0</subfield>
    <subfield code="a">BCEJYS</subfield>
    <subfield code="b">BCEJYS</subfield>
    <subfield code="c">17</subfield>
    <subfield code="d">1992-04-01</subfield>
    <subfield code="h">A&#xF1;o XV, N&#xBA; 62 - abr./jun. 1992</subfield>
    <subfield code="l">0</subfield>
    <subfield code="o">H338 EST 62 Ej.2</subfield>
    <subfield code="p">R05486</subfield>
    <subfield code="r">2026-04-10 16:07:09</subfield>
    <subfield code="w">2026-04-10</subfield>
    <subfield code="y">RN</subfield>
  </datafield>
  <datafield tag="952" ind1=" " ind2=" ">
    <subfield code="0">0</subfield>
    <subfield code="1">0</subfield>
    <subfield code="4">0</subfield>
    <subfield code="7">0</subfield>
    <subfield code="a">BCEJYS</subfield>
    <subfield code="b">BCEJYS</subfield>
    <subfield code="c">17</subfield>
    <subfield code="d">1992-01-01</subfield>
    <subfield code="h">A&#xF1;o XV, N&#xBA; 61 - ene./mar. 1992</subfield>
    <subfield code="l">0</subfield>
    <subfield code="o">H338 EST 61</subfield>
    <subfield code="p">R05483</subfield>
    <subfield code="r">2026-04-10 16:07:09</subfield>
    <subfield code="w">2026-04-10</subfield>
    <subfield code="y">RN</subfield>
  </datafield>
  <datafield tag="952" ind1=" " ind2=" ">
    <subfield code="0">0</subfield>
    <subfield code="1">0</subfield>
    <subfield code="4">0</subfield>
    <subfield code="7">0</subfield>
    <subfield code="a">BCEJYS</subfield>
    <subfield code="b">BCEJYS</subfield>
    <subfield code="c">17</subfield>
    <subfield code="d">1992-01-01</subfield>
    <subfield code="h">A&#xF1;o XV, N&#xBA; 61 - ene./mar. 1992</subfield>
    <subfield code="l">0</subfield>
    <subfield code="o">H338 EST 61 Ej.2</subfield>
    <subfield code="p">R05484</subfield>
    <subfield code="r">2026-04-10 16:07:09</subfield>
    <subfield code="w">2026-04-10</subfield>
    <subfield code="y">RN</subfield>
  </datafield>
  <datafield tag="952" ind1=" " ind2=" ">
    <subfield code="0">0</subfield>
    <subfield code="1">0</subfield>
    <subfield code="4">0</subfield>
    <subfield code="7">0</subfield>
    <subfield code="a">BCEJYS</subfield>
    <subfield code="b">BCEJYS</subfield>
    <subfield code="c">17</subfield>
    <subfield code="d">1991-10-01</subfield>
    <subfield code="h">A&#xF1;o XIV, N&#xBA; 60 - oct./dic. 1991</subfield>
    <subfield code="l">0</subfield>
    <subfield code="o">H338 EST 60</subfield>
    <subfield code="p">R05481</subfield>
    <subfield code="r">2026-04-10 16:07:09</subfield>
    <subfield code="w">2026-04-10</subfield>
    <subfield code="y">RN</subfield>
  </datafield>
  <datafield tag="952" ind1=" " ind2=" ">
    <subfield code="0">0</subfield>
    <subfield code="1">0</subfield>
    <subfield code="4">0</subfield>
    <subfield code="7">0</subfield>
    <subfield code="a">BCEJYS</subfield>
    <subfield code="b">BCEJYS</subfield>
    <subfield code="c">17</subfield>
    <subfield code="d">1991-10-01</subfield>
    <subfield code="h">A&#xF1;o XIV, N&#xBA; 60 - oct./dic. 1991</subfield>
    <subfield code="l">0</subfield>
    <subfield code="o">H338 EST 60 Ej.2</subfield>
    <subfield code="p">R05482</subfield>
    <subfield code="r">2026-04-10 16:07:09</subfield>
    <subfield code="w">2026-04-10</subfield>
    <subfield code="y">RN</subfield>
  </datafield>
  <datafield tag="952" ind1=" " ind2=" ">
    <subfield code="0">0</subfield>
    <subfield code="1">0</subfield>
    <subfield code="4">0</subfield>
    <subfield code="7">0</subfield>
    <subfield code="a">BCEJYS</subfield>
    <subfield code="b">BCEJYS</subfield>
    <subfield code="c">17</subfield>
    <subfield code="d">1991-07-01</subfield>
    <subfield code="h">A&#xF1;o XIV, N&#xBA; 59 - jul./sep. 1991</subfield>
    <subfield code="l">0</subfield>
    <subfield code="o">H338 EST 59</subfield>
    <subfield code="p">R05479</subfield>
    <subfield code="r">2026-04-10 16:07:09</subfield>
    <subfield code="w">2026-04-10</subfield>
    <subfield code="y">RN</subfield>
  </datafield>
  <datafield tag="952" ind1=" " ind2=" ">
    <subfield code="0">0</subfield>
    <subfield code="1">0</subfield>
    <subfield code="4">0</subfield>
    <subfield code="7">0</subfield>
    <subfield code="a">BCEJYS</subfield>
    <subfield code="b">BCEJYS</subfield>
    <subfield code="c">17</subfield>
    <subfield code="d">1991-07-01</subfield>
    <subfield code="h">A&#xF1;o XIV, N&#xBA; 59 - jul./sep. 1991</subfield>
    <subfield code="l">0</subfield>
    <subfield code="o">H338 EST 59 Ej.2</subfield>
    <subfield code="p">R05480</subfield>
    <subfield code="r">2026-04-10 16:07:09</subfield>
    <subfield code="w">2026-04-10</subfield>
    <subfield code="y">RN</subfield>
  </datafield>
  <datafield tag="952" ind1=" " ind2=" ">
    <subfield code="0">0</subfield>
    <subfield code="1">0</subfield>
    <subfield code="4">0</subfield>
    <subfield code="7">0</subfield>
    <subfield code="a">BCEJYS</subfield>
    <subfield code="b">BCEJYS</subfield>
    <subfield code="c">17</subfield>
    <subfield code="d">1991-04-01</subfield>
    <subfield code="h">A&#xF1;o XIV, N&#xBA; 58 - abr. /jun. 1991</subfield>
    <subfield code="l">0</subfield>
    <subfield code="o">H338 EST 58</subfield>
    <subfield code="p">R05477</subfield>
    <subfield code="r">2026-04-10 16:07:09</subfield>
    <subfield code="w">2026-04-10</subfield>
    <subfield code="y">RN</subfield>
  </datafield>
  <datafield tag="952" ind1=" " ind2=" ">
    <subfield code="0">0</subfield>
    <subfield code="1">0</subfield>
    <subfield code="4">0</subfield>
    <subfield code="7">0</subfield>
    <subfield code="a">BCEJYS</subfield>
    <subfield code="b">BCEJYS</subfield>
    <subfield code="c">17</subfield>
    <subfield code="d">1991-04-01</subfield>
    <subfield code="h">A&#xF1;o XIV, N&#xBA; 58 - abr. /jun. 1991</subfield>
    <subfield code="l">0</subfield>
    <subfield code="o">H338 EST 58 Ej.2</subfield>
    <subfield code="p">R05478</subfield>
    <subfield code="r">2026-04-10 16:07:09</subfield>
    <subfield code="w">2026-04-10</subfield>
    <subfield code="y">RN</subfield>
  </datafield>
  <datafield tag="952" ind1=" " ind2=" ">
    <subfield code="0">0</subfield>
    <subfield code="1">0</subfield>
    <subfield code="4">0</subfield>
    <subfield code="7">0</subfield>
    <subfield code="a">BCEJYS</subfield>
    <subfield code="b">BCEJYS</subfield>
    <subfield code="c">17</subfield>
    <subfield code="d">1991-01-01</subfield>
    <subfield code="h">A&#xF1;o XIV, N&#xBA; 57 - ene./mar. 1991</subfield>
    <subfield code="l">0</subfield>
    <subfield code="o">H338 EST 57</subfield>
    <subfield code="p">R05475</subfield>
    <subfield code="r">2026-04-10 16:07:09</subfield>
    <subfield code="w">2026-04-10</subfield>
    <subfield code="y">RN</subfield>
  </datafield>
  <datafield tag="952" ind1=" " ind2=" ">
    <subfield code="0">0</subfield>
    <subfield code="1">0</subfield>
    <subfield code="4">0</subfield>
    <subfield code="7">0</subfield>
    <subfield code="a">BCEJYS</subfield>
    <subfield code="b">BCEJYS</subfield>
    <subfield code="c">17</subfield>
    <subfield code="d">1991-01-01</subfield>
    <subfield code="h">A&#xF1;o XIV, N&#xBA; 57 - ene./mar. 1991</subfield>
    <subfield code="l">0</subfield>
    <subfield code="o">H338 EST 57 Ej.2</subfield>
    <subfield code="p">R05476</subfield>
    <subfield code="r">2026-04-10 16:07:09</subfield>
    <subfield code="w">2026-04-10</subfield>
    <subfield code="y">RN</subfield>
  </datafield>
  <datafield tag="952" ind1=" " ind2=" ">
    <subfield code="0">0</subfield>
    <subfield code="1">0</subfield>
    <subfield code="4">0</subfield>
    <subfield code="7">0</subfield>
    <subfield code="a">BCEJYS</subfield>
    <subfield code="b">BCEJYS</subfield>
    <subfield code="c">17</subfield>
    <subfield code="d">1990-10-01</subfield>
    <subfield code="h">A&#xF1;o XIII, N&#xBA; 56 - oct./dic. 1990</subfield>
    <subfield code="l">0</subfield>
    <subfield code="o">H338 EST 56</subfield>
    <subfield code="p">R05474</subfield>
    <subfield code="r">2026-04-10 16:07:09</subfield>
    <subfield code="w">2026-04-10</subfield>
    <subfield code="y">RN</subfield>
  </datafield>
  <datafield tag="952" ind1=" " ind2=" ">
    <subfield code="0">0</subfield>
    <subfield code="1">0</subfield>
    <subfield code="4">0</subfield>
    <subfield code="7">0</subfield>
    <subfield code="a">BCEJYS</subfield>
    <subfield code="b">BCEJYS</subfield>
    <subfield code="c">17</subfield>
    <subfield code="d">1990-07-01</subfield>
    <subfield code="h">A&#xF1;o XIII, N&#xBA; 55 - jul./sep. 1990</subfield>
    <subfield code="l">0</subfield>
    <subfield code="o">H338 EST 55</subfield>
    <subfield code="p">R05473</subfield>
    <subfield code="r">2026-04-10 16:07:09</subfield>
    <subfield code="w">2026-04-10</subfield>
    <subfield code="y">RN</subfield>
  </datafield>
  <datafield tag="952" ind1=" " ind2=" ">
    <subfield code="0">0</subfield>
    <subfield code="1">0</subfield>
    <subfield code="4">0</subfield>
    <subfield code="7">0</subfield>
    <subfield code="a">BCEJYS</subfield>
    <subfield code="b">BCEJYS</subfield>
    <subfield code="c">17</subfield>
    <subfield code="d">1990-04-01</subfield>
    <subfield code="h">A&#xF1;o XIII, N&#xBA; 54 - abr./jun. 1990</subfield>
    <subfield code="l">0</subfield>
    <subfield code="o">H338 EST 54</subfield>
    <subfield code="p">R05472</subfield>
    <subfield code="r">2026-04-10 16:07:09</subfield>
    <subfield code="w">2026-04-10</subfield>
    <subfield code="y">RN</subfield>
  </datafield>
  <datafield tag="952" ind1=" " ind2=" ">
    <subfield code="0">0</subfield>
    <subfield code="1">0</subfield>
    <subfield code="4">0</subfield>
    <subfield code="7">0</subfield>
    <subfield code="a">BCEJYS</subfield>
    <subfield code="b">BCEJYS</subfield>
    <subfield code="c">17</subfield>
    <subfield code="d">1990-01-01</subfield>
    <subfield code="h">A&#xF1;o XIII, N&#xBA; 53 - ene./mar. 1990</subfield>
    <subfield code="l">0</subfield>
    <subfield code="o">H338 EST 53</subfield>
    <subfield code="p">R05470</subfield>
    <subfield code="r">2026-04-10 16:07:09</subfield>
    <subfield code="w">2026-04-10</subfield>
    <subfield code="y">RN</subfield>
  </datafield>
  <datafield tag="952" ind1=" " ind2=" ">
    <subfield code="0">0</subfield>
    <subfield code="1">0</subfield>
    <subfield code="4">0</subfield>
    <subfield code="7">0</subfield>
    <subfield code="a">BCEJYS</subfield>
    <subfield code="b">BCEJYS</subfield>
    <subfield code="c">17</subfield>
    <subfield code="d">1990-01-01</subfield>
    <subfield code="h">A&#xF1;o XIII, N&#xBA; 53 - ene./mar. 1990</subfield>
    <subfield code="l">0</subfield>
    <subfield code="o">H338 EST 53 Ej.2</subfield>
    <subfield code="p">R05471</subfield>
    <subfield code="r">2026-04-10 16:07:09</subfield>
    <subfield code="w">2026-04-10</subfield>
    <subfield code="y">RN</subfield>
  </datafield>
  <datafield tag="952" ind1=" " ind2=" ">
    <subfield code="0">0</subfield>
    <subfield code="1">0</subfield>
    <subfield code="4">0</subfield>
    <subfield code="7">0</subfield>
    <subfield code="a">BCEJYS</subfield>
    <subfield code="b">BCEJYS</subfield>
    <subfield code="c">17</subfield>
    <subfield code="d">1989-10-01</subfield>
    <subfield code="h">A&#xF1;o XII, N&#xBA; 52 - oct./dic. 1989</subfield>
    <subfield code="l">0</subfield>
    <subfield code="o">H338 EST 52</subfield>
    <subfield code="p">R05469</subfield>
    <subfield code="r">2026-04-10 16:07:09</subfield>
    <subfield code="w">2026-04-10</subfield>
    <subfield code="y">RN</subfield>
  </datafield>
  <datafield tag="952" ind1=" " ind2=" ">
    <subfield code="0">0</subfield>
    <subfield code="1">0</subfield>
    <subfield code="4">0</subfield>
    <subfield code="7">0</subfield>
    <subfield code="a">BCEJYS</subfield>
    <subfield code="b">BCEJYS</subfield>
    <subfield code="c">17</subfield>
    <subfield code="d">1989-07-01</subfield>
    <subfield code="h">A&#xF1;o XII, N&#xBA; 51 - jul./sep. 1989</subfield>
    <subfield code="l">0</subfield>
    <subfield code="o">H338 EST 51</subfield>
    <subfield code="p">R05467</subfield>
    <subfield code="r">2026-04-10 16:07:09</subfield>
    <subfield code="w">2026-04-10</subfield>
    <subfield code="y">RN</subfield>
  </datafield>
  <datafield tag="952" ind1=" " ind2=" ">
    <subfield code="0">0</subfield>
    <subfield code="1">0</subfield>
    <subfield code="4">0</subfield>
    <subfield code="7">0</subfield>
    <subfield code="a">BCEJYS</subfield>
    <subfield code="b">BCEJYS</subfield>
    <subfield code="c">17</subfield>
    <subfield code="d">1989-07-01</subfield>
    <subfield code="h">A&#xF1;o XII, N&#xBA; 51 - jul./sep. 1989</subfield>
    <subfield code="l">0</subfield>
    <subfield code="o">H338 EST 51 Ej.2</subfield>
    <subfield code="p">R05468</subfield>
    <subfield code="r">2026-04-10 16:07:09</subfield>
    <subfield code="w">2026-04-10</subfield>
    <subfield code="y">RN</subfield>
  </datafield>
  <datafield tag="952" ind1=" " ind2=" ">
    <subfield code="0">0</subfield>
    <subfield code="1">0</subfield>
    <subfield code="4">0</subfield>
    <subfield code="7">0</subfield>
    <subfield code="a">BCEJYS</subfield>
    <subfield code="b">BCEJYS</subfield>
    <subfield code="c">17</subfield>
    <subfield code="d">1989-04-01</subfield>
    <subfield code="h">A&#xF1;o XII, N&#xBA; 50 - abr./jun. 1989</subfield>
    <subfield code="l">0</subfield>
    <subfield code="o">H338 EST 50</subfield>
    <subfield code="p">R05465</subfield>
    <subfield code="r">2026-04-10 16:07:09</subfield>
    <subfield code="w">2026-04-10</subfield>
    <subfield code="y">RN</subfield>
  </datafield>
  <datafield tag="952" ind1=" " ind2=" ">
    <subfield code="0">0</subfield>
    <subfield code="1">0</subfield>
    <subfield code="4">0</subfield>
    <subfield code="7">0</subfield>
    <subfield code="a">BCEJYS</subfield>
    <subfield code="b">BCEJYS</subfield>
    <subfield code="c">17</subfield>
    <subfield code="d">1989-04-01</subfield>
    <subfield code="h">A&#xF1;o XII, N&#xBA; 50 - abr./jun. 1989</subfield>
    <subfield code="l">0</subfield>
    <subfield code="o">H338 EST 50 Ej.2</subfield>
    <subfield code="p">R05466</subfield>
    <subfield code="r">2026-04-10 16:07:09</subfield>
    <subfield code="w">2026-04-10</subfield>
    <subfield code="y">RN</subfield>
  </datafield>
  <datafield tag="952" ind1=" " ind2=" ">
    <subfield code="0">0</subfield>
    <subfield code="1">0</subfield>
    <subfield code="4">0</subfield>
    <subfield code="7">0</subfield>
    <subfield code="a">BCEJYS</subfield>
    <subfield code="b">BCEJYS</subfield>
    <subfield code="c">17</subfield>
    <subfield code="d">1989-01-01</subfield>
    <subfield code="h">A&#xF1;o XII, N&#xBA; 49 - ene./mar. 1989</subfield>
    <subfield code="l">0</subfield>
    <subfield code="o">H338 EST 49</subfield>
    <subfield code="p">R05464</subfield>
    <subfield code="r">2026-04-10 16:07:09</subfield>
    <subfield code="w">2026-04-10</subfield>
    <subfield code="y">RN</subfield>
  </datafield>
  <datafield tag="952" ind1=" " ind2=" ">
    <subfield code="0">0</subfield>
    <subfield code="1">0</subfield>
    <subfield code="4">0</subfield>
    <subfield code="7">0</subfield>
    <subfield code="a">BCEJYS</subfield>
    <subfield code="b">BCEJYS</subfield>
    <subfield code="c">17</subfield>
    <subfield code="d">1988-10-01</subfield>
    <subfield code="h">A&#xF1;o XI, N&#xBA; 48 - oct./nov. 1988</subfield>
    <subfield code="l">0</subfield>
    <subfield code="o">H338 EST 48</subfield>
    <subfield code="p">R05462</subfield>
    <subfield code="r">2026-04-10 16:07:09</subfield>
    <subfield code="w">2026-04-10</subfield>
    <subfield code="y">RN</subfield>
  </datafield>
  <datafield tag="952" ind1=" " ind2=" ">
    <subfield code="0">0</subfield>
    <subfield code="1">0</subfield>
    <subfield code="4">0</subfield>
    <subfield code="7">0</subfield>
    <subfield code="a">BCEJYS</subfield>
    <subfield code="b">BCEJYS</subfield>
    <subfield code="c">17</subfield>
    <subfield code="d">1988-10-01</subfield>
    <subfield code="h">A&#xF1;o XI, N&#xBA; 48 - oct./nov. 1988</subfield>
    <subfield code="l">0</subfield>
    <subfield code="o">H338 EST 48 Ej.2</subfield>
    <subfield code="p">R05463</subfield>
    <subfield code="r">2026-04-10 16:07:09</subfield>
    <subfield code="w">2026-04-10</subfield>
    <subfield code="y">RN</subfield>
  </datafield>
  <datafield tag="952" ind1=" " ind2=" ">
    <subfield code="0">0</subfield>
    <subfield code="1">0</subfield>
    <subfield code="4">0</subfield>
    <subfield code="7">0</subfield>
    <subfield code="a">BCEJYS</subfield>
    <subfield code="b">BCEJYS</subfield>
    <subfield code="c">17</subfield>
    <subfield code="d">1988-07-01</subfield>
    <subfield code="h">A&#xF1;o XI, N&#xBA; 47 - jul./sep. 1988</subfield>
    <subfield code="l">0</subfield>
    <subfield code="o">H338 EST 47</subfield>
    <subfield code="p">R05460</subfield>
    <subfield code="r">2026-04-10 16:07:09</subfield>
    <subfield code="w">2026-04-10</subfield>
    <subfield code="y">RN</subfield>
  </datafield>
  <datafield tag="952" ind1=" " ind2=" ">
    <subfield code="0">0</subfield>
    <subfield code="1">0</subfield>
    <subfield code="4">0</subfield>
    <subfield code="7">0</subfield>
    <subfield code="a">BCEJYS</subfield>
    <subfield code="b">BCEJYS</subfield>
    <subfield code="c">17</subfield>
    <subfield code="d">1988-07-01</subfield>
    <subfield code="h">A&#xF1;o XI, N&#xBA; 47 - jul./sep. 1988</subfield>
    <subfield code="l">0</subfield>
    <subfield code="o">H338 EST 47 Ej.2</subfield>
    <subfield code="p">R05461</subfield>
    <subfield code="r">2026-04-10 16:07:09</subfield>
    <subfield code="w">2026-04-10</subfield>
    <subfield code="y">RN</subfield>
  </datafield>
  <datafield tag="952" ind1=" " ind2=" ">
    <subfield code="0">0</subfield>
    <subfield code="1">0</subfield>
    <subfield code="4">0</subfield>
    <subfield code="7">0</subfield>
    <subfield code="a">BCEJYS</subfield>
    <subfield code="b">BCEJYS</subfield>
    <subfield code="c">17</subfield>
    <subfield code="d">1988-04-01</subfield>
    <subfield code="h">A&#xF1;o XI, N&#xBA; 46 - abr./jun. 1988</subfield>
    <subfield code="l">0</subfield>
    <subfield code="o">H338 EST 46</subfield>
    <subfield code="p">R05459</subfield>
    <subfield code="r">2026-04-10 16:07:09</subfield>
    <subfield code="w">2026-04-10</subfield>
    <subfield code="y">RN</subfield>
  </datafield>
  <datafield tag="952" ind1=" " ind2=" ">
    <subfield code="0">0</subfield>
    <subfield code="1">0</subfield>
    <subfield code="4">0</subfield>
    <subfield code="7">0</subfield>
    <subfield code="a">BCEJYS</subfield>
    <subfield code="b">BCEJYS</subfield>
    <subfield code="c">17</subfield>
    <subfield code="d">1988-01-01</subfield>
    <subfield code="h">A&#xF1;o XI, N&#xBA; 45 - ene./mar. 1988</subfield>
    <subfield code="l">0</subfield>
    <subfield code="o">H338 EST 45</subfield>
    <subfield code="p">R05458</subfield>
    <subfield code="r">2026-04-10 16:07:09</subfield>
    <subfield code="w">2026-04-10</subfield>
    <subfield code="y">RN</subfield>
  </datafield>
  <datafield tag="952" ind1=" " ind2=" ">
    <subfield code="0">0</subfield>
    <subfield code="1">0</subfield>
    <subfield code="4">0</subfield>
    <subfield code="7">0</subfield>
    <subfield code="a">BCEJYS</subfield>
    <subfield code="b">BCEJYS</subfield>
    <subfield code="c">17</subfield>
    <subfield code="d">1987-10-01</subfield>
    <subfield code="h">A&#xF1;o X, N&#xBA; 44 - oct./dic. 1987</subfield>
    <subfield code="l">0</subfield>
    <subfield code="o">H338 EST 44</subfield>
    <subfield code="p">R05456</subfield>
    <subfield code="r">2026-04-10 16:07:09</subfield>
    <subfield code="w">2026-04-10</subfield>
    <subfield code="y">RN</subfield>
  </datafield>
  <datafield tag="952" ind1=" " ind2=" ">
    <subfield code="0">0</subfield>
    <subfield code="1">0</subfield>
    <subfield code="4">0</subfield>
    <subfield code="7">0</subfield>
    <subfield code="a">BCEJYS</subfield>
    <subfield code="b">BCEJYS</subfield>
    <subfield code="c">17</subfield>
    <subfield code="d">1987-10-01</subfield>
    <subfield code="h">A&#xF1;o X, N&#xBA; 44 - oct./dic. 1987</subfield>
    <subfield code="l">0</subfield>
    <subfield code="o">H338 EST 44 Ej.2</subfield>
    <subfield code="p">R05457</subfield>
    <subfield code="r">2026-04-10 16:07:09</subfield>
    <subfield code="w">2026-04-10</subfield>
    <subfield code="y">RN</subfield>
  </datafield>
  <datafield tag="952" ind1=" " ind2=" ">
    <subfield code="0">0</subfield>
    <subfield code="1">0</subfield>
    <subfield code="4">0</subfield>
    <subfield code="7">0</subfield>
    <subfield code="a">BCEJYS</subfield>
    <subfield code="b">BCEJYS</subfield>
    <subfield code="c">17</subfield>
    <subfield code="d">1987-07-01</subfield>
    <subfield code="h">A&#xF1;o X, N&#xBA; 43 - jul./sep. 1987</subfield>
    <subfield code="l">0</subfield>
    <subfield code="o">H338 EST 43</subfield>
    <subfield code="p">R05454</subfield>
    <subfield code="r">2026-04-10 16:07:09</subfield>
    <subfield code="w">2026-04-10</subfield>
    <subfield code="y">RN</subfield>
  </datafield>
  <datafield tag="952" ind1=" " ind2=" ">
    <subfield code="0">0</subfield>
    <subfield code="1">0</subfield>
    <subfield code="4">0</subfield>
    <subfield code="7">0</subfield>
    <subfield code="a">BCEJYS</subfield>
    <subfield code="b">BCEJYS</subfield>
    <subfield code="c">17</subfield>
    <subfield code="d">1987-07-01</subfield>
    <subfield code="h">A&#xF1;o X, N&#xBA; 43 - jul./sep. 1987</subfield>
    <subfield code="l">0</subfield>
    <subfield code="o">H338 EST 43 Ej.2</subfield>
    <subfield code="p">R05455</subfield>
    <subfield code="r">2026-04-10 16:07:09</subfield>
    <subfield code="w">2026-04-10</subfield>
    <subfield code="y">RN</subfield>
  </datafield>
  <datafield tag="952" ind1=" " ind2=" ">
    <subfield code="0">0</subfield>
    <subfield code="1">0</subfield>
    <subfield code="4">0</subfield>
    <subfield code="7">0</subfield>
    <subfield code="a">BCEJYS</subfield>
    <subfield code="b">BCEJYS</subfield>
    <subfield code="c">17</subfield>
    <subfield code="d">1987-04-01</subfield>
    <subfield code="h">A&#xF1;o X, N&#xBA; 42 - abr./jun. 1987</subfield>
    <subfield code="l">0</subfield>
    <subfield code="o">H338 EST 42</subfield>
    <subfield code="p">R05450</subfield>
    <subfield code="r">2026-04-10 16:07:09</subfield>
    <subfield code="w">2026-04-10</subfield>
    <subfield code="y">RN</subfield>
  </datafield>
  <datafield tag="952" ind1=" " ind2=" ">
    <subfield code="0">0</subfield>
    <subfield code="1">0</subfield>
    <subfield code="4">0</subfield>
    <subfield code="7">0</subfield>
    <subfield code="a">BCEJYS</subfield>
    <subfield code="b">BCEJYS</subfield>
    <subfield code="c">17</subfield>
    <subfield code="d">1987-04-01</subfield>
    <subfield code="h">A&#xF1;o X, N&#xBA; 42 - abr./jun. 1987</subfield>
    <subfield code="l">0</subfield>
    <subfield code="o">H338 EST 42 Ej.2</subfield>
    <subfield code="p">R05451</subfield>
    <subfield code="r">2026-04-10 16:07:09</subfield>
    <subfield code="w">2026-04-10</subfield>
    <subfield code="y">RN</subfield>
  </datafield>
  <datafield tag="952" ind1=" " ind2=" ">
    <subfield code="0">0</subfield>
    <subfield code="1">0</subfield>
    <subfield code="4">0</subfield>
    <subfield code="7">0</subfield>
    <subfield code="a">BCEJYS</subfield>
    <subfield code="b">BCEJYS</subfield>
    <subfield code="c">17</subfield>
    <subfield code="d">1987-01-01</subfield>
    <subfield code="h">A&#xF1;o X, N&#xBA; 41 - ene./mar. 1987</subfield>
    <subfield code="l">0</subfield>
    <subfield code="o">H338 EST 41</subfield>
    <subfield code="p">R05452</subfield>
    <subfield code="r">2026-04-10 16:07:09</subfield>
    <subfield code="w">2026-04-10</subfield>
    <subfield code="y">RN</subfield>
  </datafield>
  <datafield tag="952" ind1=" " ind2=" ">
    <subfield code="0">0</subfield>
    <subfield code="1">0</subfield>
    <subfield code="4">0</subfield>
    <subfield code="7">0</subfield>
    <subfield code="a">BCEJYS</subfield>
    <subfield code="b">BCEJYS</subfield>
    <subfield code="c">17</subfield>
    <subfield code="d">1987-01-01</subfield>
    <subfield code="h">A&#xF1;o X, N&#xBA; 41 - ene./mar. 1987</subfield>
    <subfield code="l">0</subfield>
    <subfield code="o">H338 EST 41 Ej.2</subfield>
    <subfield code="p">R05453</subfield>
    <subfield code="r">2026-04-10 16:07:09</subfield>
    <subfield code="w">2026-04-10</subfield>
    <subfield code="y">RN</subfield>
  </datafield>
  <datafield tag="952" ind1=" " ind2=" ">
    <subfield code="0">0</subfield>
    <subfield code="1">0</subfield>
    <subfield code="4">0</subfield>
    <subfield code="7">0</subfield>
    <subfield code="a">BCEJYS</subfield>
    <subfield code="b">BCEJYS</subfield>
    <subfield code="c">17</subfield>
    <subfield code="d">1986-10-01</subfield>
    <subfield code="h">A&#xF1;o IX, N&#xBA; 40 - oct./dic. 1986</subfield>
    <subfield code="l">0</subfield>
    <subfield code="o">H338 EST 40</subfield>
    <subfield code="p">R05448</subfield>
    <subfield code="r">2026-04-10 16:07:09</subfield>
    <subfield code="w">2026-04-10</subfield>
    <subfield code="y">RN</subfield>
  </datafield>
  <datafield tag="952" ind1=" " ind2=" ">
    <subfield code="0">0</subfield>
    <subfield code="1">0</subfield>
    <subfield code="4">0</subfield>
    <subfield code="7">0</subfield>
    <subfield code="a">BCEJYS</subfield>
    <subfield code="b">BCEJYS</subfield>
    <subfield code="c">17</subfield>
    <subfield code="d">1986-10-01</subfield>
    <subfield code="h">A&#xF1;o IX, N&#xBA; 40 - oct./dic. 1986</subfield>
    <subfield code="l">0</subfield>
    <subfield code="o">H338 EST 40 Ej.2</subfield>
    <subfield code="p">R05449</subfield>
    <subfield code="r">2026-04-10 16:07:09</subfield>
    <subfield code="w">2026-04-10</subfield>
    <subfield code="y">RN</subfield>
  </datafield>
  <datafield tag="952" ind1=" " ind2=" ">
    <subfield code="0">0</subfield>
    <subfield code="1">0</subfield>
    <subfield code="4">0</subfield>
    <subfield code="7">0</subfield>
    <subfield code="a">BCEJYS</subfield>
    <subfield code="b">BCEJYS</subfield>
    <subfield code="c">17</subfield>
    <subfield code="d">1986-07-01</subfield>
    <subfield code="h">A&#xF1;o IX, N&#xBA; 39 - jul./sep. 1986</subfield>
    <subfield code="l">0</subfield>
    <subfield code="o">H338 EST 39</subfield>
    <subfield code="p">R05446</subfield>
    <subfield code="r">2026-04-10 16:07:09</subfield>
    <subfield code="w">2026-04-10</subfield>
    <subfield code="y">RN</subfield>
  </datafield>
  <datafield tag="952" ind1=" " ind2=" ">
    <subfield code="0">0</subfield>
    <subfield code="1">0</subfield>
    <subfield code="4">0</subfield>
    <subfield code="7">0</subfield>
    <subfield code="a">BCEJYS</subfield>
    <subfield code="b">BCEJYS</subfield>
    <subfield code="c">17</subfield>
    <subfield code="d">1986-07-01</subfield>
    <subfield code="h">A&#xF1;o IX, N&#xBA; 39 - jul./sep. 1986</subfield>
    <subfield code="l">0</subfield>
    <subfield code="o">H338 EST 39 Ej.2</subfield>
    <subfield code="p">R05447</subfield>
    <subfield code="r">2026-04-10 16:07:09</subfield>
    <subfield code="w">2026-04-10</subfield>
    <subfield code="y">RN</subfield>
  </datafield>
  <datafield tag="952" ind1=" " ind2=" ">
    <subfield code="0">0</subfield>
    <subfield code="1">0</subfield>
    <subfield code="4">0</subfield>
    <subfield code="7">0</subfield>
    <subfield code="a">BCEJYS</subfield>
    <subfield code="b">BCEJYS</subfield>
    <subfield code="c">17</subfield>
    <subfield code="d">1986-05-01</subfield>
    <subfield code="h">mayo 1986</subfield>
    <subfield code="l">0</subfield>
    <subfield code="o">H338 EST 1986</subfield>
    <subfield code="p">R09924</subfield>
    <subfield code="r">2026-04-10 16:07:09</subfield>
    <subfield code="w">2026-04-10</subfield>
    <subfield code="y">RN</subfield>
  </datafield>
  <datafield tag="952" ind1=" " ind2=" ">
    <subfield code="0">0</subfield>
    <subfield code="1">0</subfield>
    <subfield code="4">0</subfield>
    <subfield code="7">0</subfield>
    <subfield code="a">BCEJYS</subfield>
    <subfield code="b">BCEJYS</subfield>
    <subfield code="c">17</subfield>
    <subfield code="d">1986-04-01</subfield>
    <subfield code="h">A&#xF1;o IX, N&#xBA; 38 - abr./jun. 1986</subfield>
    <subfield code="l">0</subfield>
    <subfield code="o">H338 EST 38</subfield>
    <subfield code="p">R05444</subfield>
    <subfield code="r">2026-04-10 16:07:09</subfield>
    <subfield code="w">2026-04-10</subfield>
    <subfield code="y">RN</subfield>
  </datafield>
  <datafield tag="952" ind1=" " ind2=" ">
    <subfield code="0">0</subfield>
    <subfield code="1">0</subfield>
    <subfield code="4">0</subfield>
    <subfield code="7">0</subfield>
    <subfield code="a">BCEJYS</subfield>
    <subfield code="b">BCEJYS</subfield>
    <subfield code="c">17</subfield>
    <subfield code="d">1986-04-01</subfield>
    <subfield code="h">A&#xF1;o IX, N&#xBA; 38 - abr./jun. 1986</subfield>
    <subfield code="l">0</subfield>
    <subfield code="o">H338 EST 38 Ej.2</subfield>
    <subfield code="p">R05445</subfield>
    <subfield code="r">2026-04-10 16:07:09</subfield>
    <subfield code="w">2026-04-10</subfield>
    <subfield code="y">RN</subfield>
  </datafield>
  <datafield tag="952" ind1=" " ind2=" ">
    <subfield code="0">0</subfield>
    <subfield code="1">0</subfield>
    <subfield code="4">0</subfield>
    <subfield code="7">0</subfield>
    <subfield code="a">BCEJYS</subfield>
    <subfield code="b">BCEJYS</subfield>
    <subfield code="c">17</subfield>
    <subfield code="d">1986-01-01</subfield>
    <subfield code="h">A&#xF1;o IX, N&#xBA; 37 - ene./mar. 1986</subfield>
    <subfield code="l">0</subfield>
    <subfield code="o">H338 EST 37</subfield>
    <subfield code="p">R05442</subfield>
    <subfield code="r">2026-04-10 16:07:09</subfield>
    <subfield code="w">2026-04-10</subfield>
    <subfield code="y">RN</subfield>
  </datafield>
  <datafield tag="952" ind1=" " ind2=" ">
    <subfield code="0">0</subfield>
    <subfield code="1">0</subfield>
    <subfield code="4">0</subfield>
    <subfield code="7">0</subfield>
    <subfield code="a">BCEJYS</subfield>
    <subfield code="b">BCEJYS</subfield>
    <subfield code="c">17</subfield>
    <subfield code="d">1986-01-01</subfield>
    <subfield code="h">A&#xF1;o IX, N&#xBA; 37 - ene./mar. 1986</subfield>
    <subfield code="l">0</subfield>
    <subfield code="o">H338 EST 37 Ej.2</subfield>
    <subfield code="p">R05443</subfield>
    <subfield code="r">2026-04-10 16:07:09</subfield>
    <subfield code="w">2026-04-10</subfield>
    <subfield code="y">RN</subfield>
  </datafield>
  <datafield tag="952" ind1=" " ind2=" ">
    <subfield code="0">0</subfield>
    <subfield code="1">0</subfield>
    <subfield code="4">0</subfield>
    <subfield code="7">0</subfield>
    <subfield code="a">BCEJYS</subfield>
    <subfield code="b">BCEJYS</subfield>
    <subfield code="c">17</subfield>
    <subfield code="d">1985-10-01</subfield>
    <subfield code="h">A&#xF1;o VIII, N&#xBA; 36 - oct./dic. 1985</subfield>
    <subfield code="l">0</subfield>
    <subfield code="o">H338 EST 36</subfield>
    <subfield code="p">R05438</subfield>
    <subfield code="r">2026-04-10 16:07:09</subfield>
    <subfield code="w">2026-04-10</subfield>
    <subfield code="y">RN</subfield>
  </datafield>
  <datafield tag="952" ind1=" " ind2=" ">
    <subfield code="0">0</subfield>
    <subfield code="1">0</subfield>
    <subfield code="4">0</subfield>
    <subfield code="7">0</subfield>
    <subfield code="a">BCEJYS</subfield>
    <subfield code="b">BCEJYS</subfield>
    <subfield code="c">17</subfield>
    <subfield code="d">1985-10-01</subfield>
    <subfield code="h">A&#xF1;o VIII, N&#xBA; 36 - oct./dic. 1985</subfield>
    <subfield code="l">0</subfield>
    <subfield code="o">H338 EST 36 Ej.2</subfield>
    <subfield code="p">R05439</subfield>
    <subfield code="r">2026-04-10 16:07:09</subfield>
    <subfield code="w">2026-04-10</subfield>
    <subfield code="y">RN</subfield>
  </datafield>
  <datafield tag="952" ind1=" " ind2=" ">
    <subfield code="0">0</subfield>
    <subfield code="1">0</subfield>
    <subfield code="4">0</subfield>
    <subfield code="7">0</subfield>
    <subfield code="a">BCEJYS</subfield>
    <subfield code="b">BCEJYS</subfield>
    <subfield code="c">17</subfield>
    <subfield code="d">1985-10-01</subfield>
    <subfield code="h">A&#xF1;o VIII, N&#xBA; 36 - oct./dic. 1985</subfield>
    <subfield code="l">0</subfield>
    <subfield code="o">H338 EST 36 Ej.3</subfield>
    <subfield code="p">R05440</subfield>
    <subfield code="r">2026-04-10 16:07:09</subfield>
    <subfield code="w">2026-04-10</subfield>
    <subfield code="y">RN</subfield>
  </datafield>
  <datafield tag="952" ind1=" " ind2=" ">
    <subfield code="0">0</subfield>
    <subfield code="1">0</subfield>
    <subfield code="4">0</subfield>
    <subfield code="7">0</subfield>
    <subfield code="a">BCEJYS</subfield>
    <subfield code="b">BCEJYS</subfield>
    <subfield code="c">17</subfield>
    <subfield code="d">1985-10-01</subfield>
    <subfield code="h">A&#xF1;o VIII, N&#xBA; 36 - oct./dic. 1985</subfield>
    <subfield code="l">0</subfield>
    <subfield code="o">H338 EST 36 Ej.4</subfield>
    <subfield code="p">R05441</subfield>
    <subfield code="r">2026-04-10 16:07:09</subfield>
    <subfield code="w">2026-04-10</subfield>
    <subfield code="y">RN</subfield>
  </datafield>
  <datafield tag="952" ind1=" " ind2=" ">
    <subfield code="0">0</subfield>
    <subfield code="1">0</subfield>
    <subfield code="4">0</subfield>
    <subfield code="7">0</subfield>
    <subfield code="a">BCEJYS</subfield>
    <subfield code="b">BCEJYS</subfield>
    <subfield code="c">17</subfield>
    <subfield code="d">1985-07-01</subfield>
    <subfield code="h">A&#xF1;o VIII, N&#xBA; 35 - jul./sep. 1985</subfield>
    <subfield code="l">0</subfield>
    <subfield code="o">H338 EST 35</subfield>
    <subfield code="p">R05435</subfield>
    <subfield code="r">2026-04-10 16:07:09</subfield>
    <subfield code="w">2026-04-10</subfield>
    <subfield code="y">RN</subfield>
  </datafield>
  <datafield tag="952" ind1=" " ind2=" ">
    <subfield code="0">0</subfield>
    <subfield code="1">0</subfield>
    <subfield code="4">0</subfield>
    <subfield code="7">0</subfield>
    <subfield code="a">BCEJYS</subfield>
    <subfield code="b">BCEJYS</subfield>
    <subfield code="c">17</subfield>
    <subfield code="d">1985-07-01</subfield>
    <subfield code="h">A&#xF1;o VIII, N&#xBA; 35 - jul./sep. 1985</subfield>
    <subfield code="l">0</subfield>
    <subfield code="o">H338 EST 35 Ej.2</subfield>
    <subfield code="p">R05436</subfield>
    <subfield code="r">2026-04-10 16:07:09</subfield>
    <subfield code="w">2026-04-10</subfield>
    <subfield code="y">RN</subfield>
  </datafield>
  <datafield tag="952" ind1=" " ind2=" ">
    <subfield code="0">0</subfield>
    <subfield code="1">0</subfield>
    <subfield code="4">0</subfield>
    <subfield code="7">0</subfield>
    <subfield code="a">BCEJYS</subfield>
    <subfield code="b">BCEJYS</subfield>
    <subfield code="c">17</subfield>
    <subfield code="d">1985-07-01</subfield>
    <subfield code="h">A&#xF1;o VIII, N&#xBA; 35 - jul./sep. 1985</subfield>
    <subfield code="l">0</subfield>
    <subfield code="o">H338 EST 35 Ej.3</subfield>
    <subfield code="p">R05437</subfield>
    <subfield code="r">2026-04-10 16:07:09</subfield>
    <subfield code="w">2026-04-10</subfield>
    <subfield code="y">RN</subfield>
  </datafield>
  <datafield tag="952" ind1=" " ind2=" ">
    <subfield code="0">0</subfield>
    <subfield code="1">0</subfield>
    <subfield code="4">0</subfield>
    <subfield code="7">0</subfield>
    <subfield code="a">BCEJYS</subfield>
    <subfield code="b">BCEJYS</subfield>
    <subfield code="c">17</subfield>
    <subfield code="d">1985-04-01</subfield>
    <subfield code="h">A&#xF1;o VIII, N&#xBA; 34 - abr./jun. 1985</subfield>
    <subfield code="l">0</subfield>
    <subfield code="o">H338 EST 34</subfield>
    <subfield code="p">R05432</subfield>
    <subfield code="r">2026-04-10 16:07:09</subfield>
    <subfield code="w">2026-04-10</subfield>
    <subfield code="y">RN</subfield>
  </datafield>
  <datafield tag="952" ind1=" " ind2=" ">
    <subfield code="0">0</subfield>
    <subfield code="1">0</subfield>
    <subfield code="4">0</subfield>
    <subfield code="7">0</subfield>
    <subfield code="a">BCEJYS</subfield>
    <subfield code="b">BCEJYS</subfield>
    <subfield code="c">17</subfield>
    <subfield code="d">1985-04-01</subfield>
    <subfield code="h">A&#xF1;o VIII, N&#xBA; 34 - abr./jun. 1985</subfield>
    <subfield code="l">0</subfield>
    <subfield code="o">H338 EST 34 Ej.2</subfield>
    <subfield code="p">R05433</subfield>
    <subfield code="r">2026-04-10 16:07:09</subfield>
    <subfield code="w">2026-04-10</subfield>
    <subfield code="y">RN</subfield>
  </datafield>
  <datafield tag="952" ind1=" " ind2=" ">
    <subfield code="0">0</subfield>
    <subfield code="1">0</subfield>
    <subfield code="4">0</subfield>
    <subfield code="7">0</subfield>
    <subfield code="a">BCEJYS</subfield>
    <subfield code="b">BCEJYS</subfield>
    <subfield code="c">17</subfield>
    <subfield code="d">1985-04-01</subfield>
    <subfield code="h">A&#xF1;o VIII, N&#xBA; 34 - abr./jun. 1985</subfield>
    <subfield code="l">0</subfield>
    <subfield code="o">H338 EST 34 Ej.3</subfield>
    <subfield code="p">R05434</subfield>
    <subfield code="r">2026-04-10 16:07:09</subfield>
    <subfield code="w">2026-04-10</subfield>
    <subfield code="y">RN</subfield>
  </datafield>
  <datafield tag="952" ind1=" " ind2=" ">
    <subfield code="0">0</subfield>
    <subfield code="1">0</subfield>
    <subfield code="4">0</subfield>
    <subfield code="7">0</subfield>
    <subfield code="a">BCEJYS</subfield>
    <subfield code="b">BCEJYS</subfield>
    <subfield code="c">17</subfield>
    <subfield code="d">1985-01-01</subfield>
    <subfield code="h">A&#xF1;o VIII, N&#xBA; 33 - ene./mar. 1985</subfield>
    <subfield code="l">0</subfield>
    <subfield code="o">H338 EST 33</subfield>
    <subfield code="p">R05429</subfield>
    <subfield code="r">2026-04-10 16:07:09</subfield>
    <subfield code="w">2026-04-10</subfield>
    <subfield code="y">RN</subfield>
  </datafield>
  <datafield tag="952" ind1=" " ind2=" ">
    <subfield code="0">0</subfield>
    <subfield code="1">0</subfield>
    <subfield code="4">0</subfield>
    <subfield code="7">0</subfield>
    <subfield code="a">BCEJYS</subfield>
    <subfield code="b">BCEJYS</subfield>
    <subfield code="c">17</subfield>
    <subfield code="d">1985-01-01</subfield>
    <subfield code="h">A&#xF1;o VIII, N&#xBA; 33 - ene./mar. 1985</subfield>
    <subfield code="l">0</subfield>
    <subfield code="o">H338 EST 33 Ej.2</subfield>
    <subfield code="p">R05430</subfield>
    <subfield code="r">2026-04-10 16:07:10</subfield>
    <subfield code="w">2026-04-10</subfield>
    <subfield code="y">RN</subfield>
  </datafield>
  <datafield tag="952" ind1=" " ind2=" ">
    <subfield code="0">0</subfield>
    <subfield code="1">0</subfield>
    <subfield code="4">0</subfield>
    <subfield code="7">0</subfield>
    <subfield code="a">BCEJYS</subfield>
    <subfield code="b">BCEJYS</subfield>
    <subfield code="c">17</subfield>
    <subfield code="d">1985-01-01</subfield>
    <subfield code="h">A&#xF1;o VIII, N&#xBA; 33 - ene./mar. 1985</subfield>
    <subfield code="l">0</subfield>
    <subfield code="o">H338 EST 33 Ej.3</subfield>
    <subfield code="p">R05431</subfield>
    <subfield code="r">2026-04-10 16:07:10</subfield>
    <subfield code="w">2026-04-10</subfield>
    <subfield code="y">RN</subfield>
  </datafield>
  <datafield tag="952" ind1=" " ind2=" ">
    <subfield code="0">0</subfield>
    <subfield code="1">0</subfield>
    <subfield code="4">0</subfield>
    <subfield code="7">0</subfield>
    <subfield code="a">BCEJYS</subfield>
    <subfield code="b">BCEJYS</subfield>
    <subfield code="c">17</subfield>
    <subfield code="d">1984-10-01</subfield>
    <subfield code="h">A&#xF1;o VII, N&#xBA; 32 - oct./dic. 1984</subfield>
    <subfield code="l">0</subfield>
    <subfield code="o">H338 EST 32</subfield>
    <subfield code="p">R05427</subfield>
    <subfield code="r">2026-04-10 16:07:10</subfield>
    <subfield code="w">2026-04-10</subfield>
    <subfield code="y">RN</subfield>
  </datafield>
  <datafield tag="952" ind1=" " ind2=" ">
    <subfield code="0">0</subfield>
    <subfield code="1">0</subfield>
    <subfield code="4">0</subfield>
    <subfield code="7">0</subfield>
    <subfield code="a">BCEJYS</subfield>
    <subfield code="b">BCEJYS</subfield>
    <subfield code="c">17</subfield>
    <subfield code="d">1984-10-01</subfield>
    <subfield code="h">A&#xF1;o VII, N&#xBA; 32 - oct./dic. 1984</subfield>
    <subfield code="l">0</subfield>
    <subfield code="o">H338 EST 32 Ej.2</subfield>
    <subfield code="p">R05428</subfield>
    <subfield code="r">2026-04-10 16:07:10</subfield>
    <subfield code="w">2026-04-10</subfield>
    <subfield code="y">RN</subfield>
  </datafield>
  <datafield tag="952" ind1=" " ind2=" ">
    <subfield code="0">0</subfield>
    <subfield code="1">0</subfield>
    <subfield code="4">0</subfield>
    <subfield code="7">0</subfield>
    <subfield code="a">BCEJYS</subfield>
    <subfield code="b">BCEJYS</subfield>
    <subfield code="c">17</subfield>
    <subfield code="d">1984-07-01</subfield>
    <subfield code="h">A&#xF1;o VII, N&#xBA; 31 - jul./sep. 1984</subfield>
    <subfield code="l">0</subfield>
    <subfield code="o">H338 EST 31</subfield>
    <subfield code="p">R05425</subfield>
    <subfield code="r">2026-04-10 16:07:10</subfield>
    <subfield code="w">2026-04-10</subfield>
    <subfield code="y">RN</subfield>
  </datafield>
  <datafield tag="952" ind1=" " ind2=" ">
    <subfield code="0">0</subfield>
    <subfield code="1">0</subfield>
    <subfield code="4">0</subfield>
    <subfield code="7">0</subfield>
    <subfield code="a">BCEJYS</subfield>
    <subfield code="b">BCEJYS</subfield>
    <subfield code="c">17</subfield>
    <subfield code="d">1984-07-01</subfield>
    <subfield code="h">A&#xF1;o VII, N&#xBA; 31 - jul./sep. 1984</subfield>
    <subfield code="l">0</subfield>
    <subfield code="o">H338 EST 31 Ej.2</subfield>
    <subfield code="p">R05426</subfield>
    <subfield code="r">2026-04-10 16:07:10</subfield>
    <subfield code="w">2026-04-10</subfield>
    <subfield code="y">RN</subfield>
  </datafield>
  <datafield tag="952" ind1=" " ind2=" ">
    <subfield code="0">0</subfield>
    <subfield code="1">0</subfield>
    <subfield code="4">0</subfield>
    <subfield code="7">0</subfield>
    <subfield code="a">BCEJYS</subfield>
    <subfield code="b">BCEJYS</subfield>
    <subfield code="c">17</subfield>
    <subfield code="d">1984-04-01</subfield>
    <subfield code="h">A&#xF1;o VII, N&#xBA; 30 - abr./jun. 1984</subfield>
    <subfield code="l">0</subfield>
    <subfield code="o">H338 EST 30</subfield>
    <subfield code="p">R05422</subfield>
    <subfield code="r">2026-04-10 16:07:10</subfield>
    <subfield code="w">2026-04-10</subfield>
    <subfield code="y">RN</subfield>
  </datafield>
  <datafield tag="952" ind1=" " ind2=" ">
    <subfield code="0">0</subfield>
    <subfield code="1">0</subfield>
    <subfield code="4">0</subfield>
    <subfield code="7">0</subfield>
    <subfield code="a">BCEJYS</subfield>
    <subfield code="b">BCEJYS</subfield>
    <subfield code="c">17</subfield>
    <subfield code="d">1984-04-01</subfield>
    <subfield code="h">A&#xF1;o VII, N&#xBA; 30 - abr./jun. 1984</subfield>
    <subfield code="l">0</subfield>
    <subfield code="o">H338 EST 30 Ej.2</subfield>
    <subfield code="p">R05424</subfield>
    <subfield code="r">2026-04-10 16:07:10</subfield>
    <subfield code="w">2026-04-10</subfield>
    <subfield code="y">RN</subfield>
  </datafield>
  <datafield tag="952" ind1=" " ind2=" ">
    <subfield code="0">0</subfield>
    <subfield code="1">0</subfield>
    <subfield code="4">0</subfield>
    <subfield code="7">0</subfield>
    <subfield code="a">BCEJYS</subfield>
    <subfield code="b">BCEJYS</subfield>
    <subfield code="c">17</subfield>
    <subfield code="d">1984-01-01</subfield>
    <subfield code="h">A&#xF1;o VII, N&#xBA; 29 - ene./mar. 1984</subfield>
    <subfield code="l">0</subfield>
    <subfield code="o">H338 EST 29</subfield>
    <subfield code="p">R05421</subfield>
    <subfield code="r">2026-04-10 16:07:10</subfield>
    <subfield code="w">2026-04-10</subfield>
    <subfield code="y">RN</subfield>
  </datafield>
  <datafield tag="952" ind1=" " ind2=" ">
    <subfield code="0">0</subfield>
    <subfield code="1">0</subfield>
    <subfield code="4">0</subfield>
    <subfield code="7">0</subfield>
    <subfield code="a">BCEJYS</subfield>
    <subfield code="b">BCEJYS</subfield>
    <subfield code="c">17</subfield>
    <subfield code="d">1983-10-01</subfield>
    <subfield code="h">A&#xF1;o VI, N&#xBA; 28 - oct./dic. 1983</subfield>
    <subfield code="l">0</subfield>
    <subfield code="o">H338 EST 28</subfield>
    <subfield code="p">R05420</subfield>
    <subfield code="r">2026-04-10 16:07:10</subfield>
    <subfield code="w">2026-04-10</subfield>
    <subfield code="y">RN</subfield>
  </datafield>
  <datafield tag="952" ind1=" " ind2=" ">
    <subfield code="0">0</subfield>
    <subfield code="1">0</subfield>
    <subfield code="4">0</subfield>
    <subfield code="7">0</subfield>
    <subfield code="a">BCEJYS</subfield>
    <subfield code="b">BCEJYS</subfield>
    <subfield code="c">17</subfield>
    <subfield code="d">1983-01-01</subfield>
    <subfield code="h">A&#xF1;o VI, N&#xBA; 25 - ene./mar. 1983</subfield>
    <subfield code="l">0</subfield>
    <subfield code="o">H338 EST 25</subfield>
    <subfield code="p">R05419</subfield>
    <subfield code="r">2026-04-10 16:07:10</subfield>
    <subfield code="w">2026-04-10</subfield>
    <subfield code="y">RN</subfield>
  </datafield>
  <datafield tag="952" ind1=" " ind2=" ">
    <subfield code="0">0</subfield>
    <subfield code="1">0</subfield>
    <subfield code="4">0</subfield>
    <subfield code="7">0</subfield>
    <subfield code="a">BCEJYS</subfield>
    <subfield code="b">BCEJYS</subfield>
    <subfield code="c">17</subfield>
    <subfield code="d">1982-10-01</subfield>
    <subfield code="h">A&#xF1;o V, N&#xBA; 24 - oct./dic. 1982</subfield>
    <subfield code="l">0</subfield>
    <subfield code="o">H338 EST 24</subfield>
    <subfield code="p">R05418</subfield>
    <subfield code="r">2026-04-10 16:07:10</subfield>
    <subfield code="w">2026-04-10</subfield>
    <subfield code="y">RN</subfield>
  </datafield>
  <datafield tag="952" ind1=" " ind2=" ">
    <subfield code="0">0</subfield>
    <subfield code="1">0</subfield>
    <subfield code="4">0</subfield>
    <subfield code="7">0</subfield>
    <subfield code="a">BCEJYS</subfield>
    <subfield code="b">BCEJYS</subfield>
    <subfield code="c">17</subfield>
    <subfield code="d">1982-07-01</subfield>
    <subfield code="h">A&#xF1;o V, N&#xBA; 23 - jul./sep. 1982</subfield>
    <subfield code="l">0</subfield>
    <subfield code="o">H338 EST 23</subfield>
    <subfield code="p">R05417</subfield>
    <subfield code="r">2026-04-10 16:07:10</subfield>
    <subfield code="w">2026-04-10</subfield>
    <subfield code="y">RN</subfield>
  </datafield>
  <datafield tag="952" ind1=" " ind2=" ">
    <subfield code="0">0</subfield>
    <subfield code="1">0</subfield>
    <subfield code="4">0</subfield>
    <subfield code="7">0</subfield>
    <subfield code="a">BCEJYS</subfield>
    <subfield code="b">BCEJYS</subfield>
    <subfield code="c">17</subfield>
    <subfield code="d">1982-04-01</subfield>
    <subfield code="h">A&#xF1;o V, N&#xBA; 22 - abr./jun. 1982</subfield>
    <subfield code="l">0</subfield>
    <subfield code="o">H338 EST 22</subfield>
    <subfield code="p">R05423</subfield>
    <subfield code="r">2026-04-10 16:07:10</subfield>
    <subfield code="w">2026-04-10</subfield>
    <subfield code="y">RN</subfield>
  </datafield>
  <datafield tag="952" ind1=" " ind2=" ">
    <subfield code="0">0</subfield>
    <subfield code="1">0</subfield>
    <subfield code="4">0</subfield>
    <subfield code="7">0</subfield>
    <subfield code="a">BCEJYS</subfield>
    <subfield code="b">BCEJYS</subfield>
    <subfield code="c">17</subfield>
    <subfield code="d">1982-01-01</subfield>
    <subfield code="h">A&#xF1;o V, N&#xBA; 21 - ene./mar. 1982</subfield>
    <subfield code="l">0</subfield>
    <subfield code="o">H338 EST 21</subfield>
    <subfield code="p">R05416</subfield>
    <subfield code="r">2026-04-10 16:07:10</subfield>
    <subfield code="w">2026-04-10</subfield>
    <subfield code="y">RN</subfield>
  </datafield>
  <datafield tag="952" ind1=" " ind2=" ">
    <subfield code="0">0</subfield>
    <subfield code="1">0</subfield>
    <subfield code="4">0</subfield>
    <subfield code="7">0</subfield>
    <subfield code="a">BCEJYS</subfield>
    <subfield code="b">BCEJYS</subfield>
    <subfield code="c">17</subfield>
    <subfield code="d">1981-10-01</subfield>
    <subfield code="h">A&#xF1;o IV, N&#xBA; 20 - oct./dic. 1981</subfield>
    <subfield code="l">0</subfield>
    <subfield code="o">H338 EST 20</subfield>
    <subfield code="p">R05415</subfield>
    <subfield code="r">2026-04-10 16:07:10</subfield>
    <subfield code="w">2026-04-10</subfield>
    <subfield code="y">RN</subfield>
  </datafield>
  <datafield tag="952" ind1=" " ind2=" ">
    <subfield code="0">0</subfield>
    <subfield code="1">0</subfield>
    <subfield code="4">0</subfield>
    <subfield code="7">0</subfield>
    <subfield code="a">BCEJYS</subfield>
    <subfield code="b">BCEJYS</subfield>
    <subfield code="c">17</subfield>
    <subfield code="d">1981-07-01</subfield>
    <subfield code="h">A&#xF1;o IV, N&#xBA; 19 - jul./sep. 1981</subfield>
    <subfield code="l">0</subfield>
    <subfield code="o">H338 EST 19</subfield>
    <subfield code="p">R05414</subfield>
    <subfield code="r">2026-04-10 16:07:10</subfield>
    <subfield code="w">2026-04-10</subfield>
    <subfield code="y">RN</subfield>
  </datafield>
  <datafield tag="952" ind1=" " ind2=" ">
    <subfield code="0">0</subfield>
    <subfield code="1">0</subfield>
    <subfield code="4">0</subfield>
    <subfield code="7">0</subfield>
    <subfield code="a">BCEJYS</subfield>
    <subfield code="b">BCEJYS</subfield>
    <subfield code="c">17</subfield>
    <subfield code="d">1981-04-01</subfield>
    <subfield code="h">A&#xF1;o IV, N&#xBA; 18 - abr./jun. 1981</subfield>
    <subfield code="l">0</subfield>
    <subfield code="o">H338 EST 18</subfield>
    <subfield code="p">R05412</subfield>
    <subfield code="r">2026-04-10 16:07:10</subfield>
    <subfield code="w">2026-04-10</subfield>
    <subfield code="y">RN</subfield>
  </datafield>
  <datafield tag="952" ind1=" " ind2=" ">
    <subfield code="0">0</subfield>
    <subfield code="1">0</subfield>
    <subfield code="4">0</subfield>
    <subfield code="7">0</subfield>
    <subfield code="a">BCEJYS</subfield>
    <subfield code="b">BCEJYS</subfield>
    <subfield code="c">17</subfield>
    <subfield code="d">1981-04-01</subfield>
    <subfield code="h">A&#xF1;o IV, N&#xBA; 18 - abr./jun. 1981</subfield>
    <subfield code="l">0</subfield>
    <subfield code="o">H338 EST 18 Ej.2</subfield>
    <subfield code="p">R05413</subfield>
    <subfield code="r">2026-04-10 16:07:10</subfield>
    <subfield code="w">2026-04-10</subfield>
    <subfield code="y">RN</subfield>
  </datafield>
  <datafield tag="952" ind1=" " ind2=" ">
    <subfield code="0">0</subfield>
    <subfield code="1">0</subfield>
    <subfield code="4">0</subfield>
    <subfield code="7">0</subfield>
    <subfield code="a">BCEJYS</subfield>
    <subfield code="b">BCEJYS</subfield>
    <subfield code="c">17</subfield>
    <subfield code="d">1981-01-01</subfield>
    <subfield code="h">A&#xF1;o IV, N&#xBA; 17 - ene./mar. 1981</subfield>
    <subfield code="l">0</subfield>
    <subfield code="o">H338 EST 17</subfield>
    <subfield code="p">R05411</subfield>
    <subfield code="r">2026-04-10 16:07:10</subfield>
    <subfield code="w">2026-04-10</subfield>
    <subfield code="y">RN</subfield>
  </datafield>
  <datafield tag="952" ind1=" " ind2=" ">
    <subfield code="0">0</subfield>
    <subfield code="1">0</subfield>
    <subfield code="4">0</subfield>
    <subfield code="7">0</subfield>
    <subfield code="a">BCEJYS</subfield>
    <subfield code="b">BCEJYS</subfield>
    <subfield code="c">17</subfield>
    <subfield code="d">1980-10-01</subfield>
    <subfield code="h">A&#xF1;o III, N&#xBA; 16 - oct./dic. 1980</subfield>
    <subfield code="l">0</subfield>
    <subfield code="o">H338 EST 16</subfield>
    <subfield code="p">R05410</subfield>
    <subfield code="r">2026-04-10 16:07:10</subfield>
    <subfield code="w">2026-04-10</subfield>
    <subfield code="y">RN</subfield>
  </datafield>
  <datafield tag="952" ind1=" " ind2=" ">
    <subfield code="0">0</subfield>
    <subfield code="1">0</subfield>
    <subfield code="4">0</subfield>
    <subfield code="7">0</subfield>
    <subfield code="a">BCEJYS</subfield>
    <subfield code="b">BCEJYS</subfield>
    <subfield code="c">17</subfield>
    <subfield code="d">1980-07-01</subfield>
    <subfield code="h">A&#xF1;o III, N&#xBA; 15 - jul./sep. 1980</subfield>
    <subfield code="l">0</subfield>
    <subfield code="o">H338 EST 15</subfield>
    <subfield code="p">R05409</subfield>
    <subfield code="r">2026-04-10 16:07:10</subfield>
    <subfield code="w">2026-04-10</subfield>
    <subfield code="y">RN</subfield>
  </datafield>
  <datafield tag="952" ind1=" " ind2=" ">
    <subfield code="0">0</subfield>
    <subfield code="1">0</subfield>
    <subfield code="4">0</subfield>
    <subfield code="7">0</subfield>
    <subfield code="a">BCEJYS</subfield>
    <subfield code="b">BCEJYS</subfield>
    <subfield code="c">17</subfield>
    <subfield code="d">1980-04-01</subfield>
    <subfield code="h">A&#xF1;o III, N&#xBA; 14 - abr./jun. 1980</subfield>
    <subfield code="l">0</subfield>
    <subfield code="o">H338 EST 14</subfield>
    <subfield code="p">R05408</subfield>
    <subfield code="r">2026-04-10 16:07:10</subfield>
    <subfield code="w">2026-04-10</subfield>
    <subfield code="y">RN</subfield>
  </datafield>
  <datafield tag="952" ind1=" " ind2=" ">
    <subfield code="0">0</subfield>
    <subfield code="1">0</subfield>
    <subfield code="4">0</subfield>
    <subfield code="7">0</subfield>
    <subfield code="a">BCEJYS</subfield>
    <subfield code="b">BCEJYS</subfield>
    <subfield code="c">17</subfield>
    <subfield code="d">1979-11-01</subfield>
    <subfield code="h">A&#xF1;o II, N&#xBA; 12 - nov./dic. 1979</subfield>
    <subfield code="l">0</subfield>
    <subfield code="o">H338 EST 12</subfield>
    <subfield code="p">R05407</subfield>
    <subfield code="r">2026-04-10 16:07:10</subfield>
    <subfield code="w">2026-04-10</subfield>
    <subfield code="y">RN</subfield>
  </datafield>
  <datafield tag="952" ind1=" " ind2=" ">
    <subfield code="0">0</subfield>
    <subfield code="1">0</subfield>
    <subfield code="4">0</subfield>
    <subfield code="7">0</subfield>
    <subfield code="a">BCEJYS</subfield>
    <subfield code="b">BCEJYS</subfield>
    <subfield code="c">17</subfield>
    <subfield code="d">1979-09-01</subfield>
    <subfield code="h">A&#xF1;o II, N&#xBA; 11 - sep./oct. 1979</subfield>
    <subfield code="l">0</subfield>
    <subfield code="o">H338 EST 11</subfield>
    <subfield code="p">R05406</subfield>
    <subfield code="r">2026-04-10 16:07:10</subfield>
    <subfield code="w">2026-04-10</subfield>
    <subfield code="y">RN</subfield>
  </datafield>
  <datafield tag="952" ind1=" " ind2=" ">
    <subfield code="0">0</subfield>
    <subfield code="1">0</subfield>
    <subfield code="4">0</subfield>
    <subfield code="7">0</subfield>
    <subfield code="a">BCEJYS</subfield>
    <subfield code="b">BCEJYS</subfield>
    <subfield code="c">17</subfield>
    <subfield code="d">1979-07-01</subfield>
    <subfield code="h">A&#xF1;o II, N&#xBA; 10 - jul./ago. 1979</subfield>
    <subfield code="l">0</subfield>
    <subfield code="o">H338 EST 10</subfield>
    <subfield code="p">R05405</subfield>
    <subfield code="r">2026-04-10 16:07:10</subfield>
    <subfield code="w">2026-04-10</subfield>
    <subfield code="y">RN</subfield>
  </datafield>
  <datafield tag="952" ind1=" " ind2=" ">
    <subfield code="0">0</subfield>
    <subfield code="1">0</subfield>
    <subfield code="4">0</subfield>
    <subfield code="7">0</subfield>
    <subfield code="a">BCEJYS</subfield>
    <subfield code="b">BCEJYS</subfield>
    <subfield code="c">17</subfield>
    <subfield code="d">1979-05-01</subfield>
    <subfield code="h">A&#xF1;o II, N&#xBA; 9 - may./jun. 1979</subfield>
    <subfield code="l">0</subfield>
    <subfield code="o">H338 EST 9</subfield>
    <subfield code="p">R05404</subfield>
    <subfield code="r">2026-04-10 16:07:10</subfield>
    <subfield code="w">2026-04-10</subfield>
    <subfield code="y">RN</subfield>
  </datafield>
  <datafield tag="952" ind1=" " ind2=" ">
    <subfield code="0">0</subfield>
    <subfield code="1">0</subfield>
    <subfield code="4">0</subfield>
    <subfield code="7">0</subfield>
    <subfield code="a">BCEJYS</subfield>
    <subfield code="b">BCEJYS</subfield>
    <subfield code="c">17</subfield>
    <subfield code="d">1979-03-01</subfield>
    <subfield code="h">A&#xF1;o II, N&#xBA; 8 - mar./abr. 1979</subfield>
    <subfield code="l">0</subfield>
    <subfield code="o">H338 EST 8</subfield>
    <subfield code="p">R05403</subfield>
    <subfield code="r">2026-04-10 16:07:10</subfield>
    <subfield code="w">2026-04-10</subfield>
    <subfield code="y">RN</subfield>
  </datafield>
  <datafield tag="952" ind1=" " ind2=" ">
    <subfield code="0">0</subfield>
    <subfield code="1">0</subfield>
    <subfield code="4">0</subfield>
    <subfield code="7">0</subfield>
    <subfield code="a">BCEJYS</subfield>
    <subfield code="b">BCEJYS</subfield>
    <subfield code="c">17</subfield>
    <subfield code="d">1979-01-01</subfield>
    <subfield code="h">A&#xF1;o II, N&#xBA; 7 - ene./feb. 1979</subfield>
    <subfield code="l">0</subfield>
    <subfield code="o">H338 EST 7</subfield>
    <subfield code="p">R05402</subfield>
    <subfield code="r">2026-04-10 16:07:10</subfield>
    <subfield code="w">2026-04-10</subfield>
    <subfield code="y">RN</subfield>
  </datafield>
  <datafield tag="952" ind1=" " ind2=" ">
    <subfield code="0">0</subfield>
    <subfield code="1">0</subfield>
    <subfield code="4">0</subfield>
    <subfield code="7">0</subfield>
    <subfield code="a">BCEJYS</subfield>
    <subfield code="b">BCEJYS</subfield>
    <subfield code="c">17</subfield>
    <subfield code="d">1978-11-01</subfield>
    <subfield code="h">A&#xF1;o I, N&#xBA; 6 - nov./dic. 1978</subfield>
    <subfield code="l">0</subfield>
    <subfield code="o">H338 EST 6</subfield>
    <subfield code="p">R05401</subfield>
    <subfield code="r">2026-04-10 16:07:10</subfield>
    <subfield code="w">2026-04-10</subfield>
    <subfield code="y">RN</subfield>
  </datafield>
  <datafield tag="952" ind1=" " ind2=" ">
    <subfield code="0">0</subfield>
    <subfield code="1">0</subfield>
    <subfield code="4">0</subfield>
    <subfield code="7">0</subfield>
    <subfield code="a">BCEJYS</subfield>
    <subfield code="b">BCEJYS</subfield>
    <subfield code="c">17</subfield>
    <subfield code="d">1978-09-01</subfield>
    <subfield code="h">A&#xF1;o I, N&#xBA; 5 - sep./oct. 1978</subfield>
    <subfield code="l">0</subfield>
    <subfield code="o">H338 EST 5</subfield>
    <subfield code="p">R05400</subfield>
    <subfield code="r">2026-04-10 16:07:10</subfield>
    <subfield code="w">2026-04-10</subfield>
    <subfield code="y">RN</subfield>
  </datafield>
  <datafield tag="952" ind1=" " ind2=" ">
    <subfield code="0">0</subfield>
    <subfield code="1">0</subfield>
    <subfield code="4">0</subfield>
    <subfield code="7">0</subfield>
    <subfield code="a">BCEJYS</subfield>
    <subfield code="b">BCEJYS</subfield>
    <subfield code="c">17</subfield>
    <subfield code="d">1978-07-01</subfield>
    <subfield code="h">A&#xF1;o I, N&#xBA; 4 - jul./ago. 1978</subfield>
    <subfield code="l">0</subfield>
    <subfield code="o">H338 EST 4</subfield>
    <subfield code="p">R05399</subfield>
    <subfield code="r">2026-04-10 16:07:10</subfield>
    <subfield code="w">2026-04-10</subfield>
    <subfield code="y">RN</subfield>
  </datafield>
  <datafield tag="952" ind1=" " ind2=" ">
    <subfield code="0">0</subfield>
    <subfield code="1">0</subfield>
    <subfield code="4">0</subfield>
    <subfield code="7">0</subfield>
    <subfield code="a">BCEJYS</subfield>
    <subfield code="b">BCEJYS</subfield>
    <subfield code="c">17</subfield>
    <subfield code="d">1978-04-01</subfield>
    <subfield code="h">A&#xF1;o I, N&#xBA; 3 - abr./may. 1978</subfield>
    <subfield code="l">0</subfield>
    <subfield code="o">H338 EST 3</subfield>
    <subfield code="p">R05398</subfield>
    <subfield code="r">2026-04-10 16:07:10</subfield>
    <subfield code="w">2026-04-10</subfield>
    <subfield code="y">RN</subfield>
  </datafield>
  <datafield tag="952" ind1=" " ind2=" ">
    <subfield code="0">0</subfield>
    <subfield code="1">0</subfield>
    <subfield code="4">0</subfield>
    <subfield code="7">0</subfield>
    <subfield code="a">BCEJYS</subfield>
    <subfield code="b">BCEJYS</subfield>
    <subfield code="c">17</subfield>
    <subfield code="d">1978-03-01</subfield>
    <subfield code="h">A&#xF1;o I, N&#xBA; 2 - mar./abr. 1978</subfield>
    <subfield code="l">0</subfield>
    <subfield code="o">H338 EST 2</subfield>
    <subfield code="p">R05397</subfield>
    <subfield code="r">2026-04-10 16:07:10</subfield>
    <subfield code="w">2026-04-10</subfield>
    <subfield code="y">RN</subfield>
  </datafield>
  <datafield tag="952" ind1=" " ind2=" ">
    <subfield code="0">0</subfield>
    <subfield code="1">0</subfield>
    <subfield code="4">0</subfield>
    <subfield code="7">0</subfield>
    <subfield code="a">BCEJYS</subfield>
    <subfield code="b">BCEJYS</subfield>
    <subfield code="c">17</subfield>
    <subfield code="d">1978-01-01</subfield>
    <subfield code="h">A&#xF1;o I, N&#xBA; 1 - ene./feb. 1978</subfield>
    <subfield code="l">0</subfield>
    <subfield code="o">H338 EST 1</subfield>
    <subfield code="p">R05396</subfield>
    <subfield code="r">2026-04-10 16:07:10</subfield>
    <subfield code="w">2026-04-10</subfield>
    <subfield code="y">RN</subfield>
  </datafield>
</record>
